{"text_format":"3","workbook":"xlsx","n_sheets":2,"sheets":["Rekapitulácia stavby","14-6-2023 - Dom baníckych..."],"not_rendered":{"defined_names":5},"read":"whole","date_system":"1900"}

{"sheet":"Rekapitulácia stavby","index":0,"n_rows":95,"n_cols":90,"rows_kept":95,"merged":[[1,43,1,56],[4,10,4,35],[4,56,33,56],[5,10,5,35],[13,4,13,35],[22,4,22,39],[25,36,25,40],[27,11,27,15],[27,22,27,30],[27,36,27,40],[28,11,28,15],[28,22,28,30],[28,36,28,40],[29,11,29,15],[29,22,29,30],[29,36,29,40],[30,11,30,15],[30,22,30,30],[30,36,30,40],[31,11,31,15],[31,22,31,30],[31,36,31,40],[32,11,32,15],[32,22,32,30],[32,36,32,40],[34,23,34,27],[34,36,34,40],[84,11,84,35],[86,38,86,39],[88,38,88,41],[88,44,90,45],[89,38,89,41],[91,2,91,6],[91,8,91,31],[91,32,91,38],[91,39,91,41],[93,32,93,38],[93,39,93,41],[94,3,94,7],[94,9,94,31],[94,32,94,38],[94,39,94,41]]}
["Export Komplet",{"$nulls":50},"","2.0","",{"$nulls":17},"False","False","{4208a8ff-79c8-452a-b7d3-618d0599e2c7}"]
[{"$nulls":43},">>  skryté stĺpce  <<",{"$nulls":26},"0,001","20"]
[{"$nulls":70},"0,001","20"]
[{"$nulls":3},"REKAPITULÁCIA STAVBY",{"$nulls":40},"v ---  nižšie sa nachádzajú doplnkové a pomocné údaje k zostavám  --- v",{"$nulls":11},"Návod na vyplnenie",{"$nulls":13},"0,001"]
[{"$nulls":3},"Kód:",{"$nulls":52},"Meniť je možné iba bunky so žltým podfarbením!\r\n\r\n1) na prvom liste Rekapitulácie stavby vyplňte v zostave\r\n\r\n    a) Rekapitulácia stavby\r\n       - údaje o Zhotoviteľovi\r\n         (prenesú sa do ostatných zostáv aj v iných listoch)\r\n\r\n    b) Rekapitulácia objektov stavby\r\n       - potrebné Ostatné náklady\r\n\r\n2) na vybraných listoch vyplňte v zostave\r\n\r\n    a) Krycí list\r\n       - údaje o Zhotoviteľovi, pokiaľ sa líšia od údajov o Zhotoviteľovi na Rekapitulácii stavby\r\n         (údaje se prenesú do ostatných zostav v danom liste)\r\n\r\n    b) Rekapitulácia rozpočtu\r\n       - potrebné Ostatné náklady\r\n\r\n    c) Celkové náklady za stavbu\r\n       - ceny na položkách\r\n       - množstvo, pokiaľ má žlté podfarbenie\r\n       - a v prípade potreby poznámku (tá je v skrytom stĺpci)",{"$nulls":13},"0,001"]
[{"$nulls":3},"Stavba:",{"$nulls":6},"Dom baníckych tradícií - banícka pamätná izba v obci Rakovnica",{"$nulls":59},"0,001"]
[{"$nulls":3},"JKSO:",{"$nulls":6},"",{"$nulls":25},"KS:",null,null,"",{"$nulls":30},"0,001"]
[{"$nulls":3},"Miesto:",{"$nulls":6},"Rakovnica",{"$nulls":25},"Dátum:",{"$nulls":33},"0,001"]
[{"$nulls":70},"0,001"]
[{"$nulls":3},"Objednávateľ:",{"$nulls":32},"IČO:",null,null,"",{"$nulls":30},"0,001"]
[{"$nulls":4},"Obec Rakovnica",{"$nulls":31},"IČ DPH:",null,null,"",{"$nulls":30},"0,001"]
[{"$nulls":70},"0,001"]
[{"$nulls":3},"Zhotoviteľ:",{"$nulls":32},"IČO:",null,null,"Vyplň údaj",{"$nulls":30},"0,001"]
[{"$nulls":4},"Vyplň údaj",{"$nulls":31},"IČ DPH:",null,null,"Vyplň údaj",{"$nulls":30},"0,001"]
[{"$nulls":70},"False"]
[{"$nulls":3},"Projektant:",{"$nulls":32},"IČO:",null,null,"48307874",{"$nulls":30},"False"]
[{"$nulls":4},"TYFON s.r.o., Ing. Boris Šramko",{"$nulls":31},"IČ DPH:",null,null,"",{"$nulls":30},"True"]
[{"$nulls":70},"0,01"]
[{"$nulls":3},"Spracovateľ:",{"$nulls":32},"IČO:",null,null,"",{"$nulls":30},"0,01"]
[{"$nulls":4},"Ing. Boris Šramko",{"$nulls":31},"IČ DPH:",null,null,"",{"$nulls":30},"True"]
[]
[{"$nulls":3},"Poznámka:"]
[{"$nulls":4},""]
[]
[]
[{"$nulls":3},"Cena bez DPH",{"$nulls":32},{"$f":"ROUND(AG94,2)","v":{"v":0,"d":"0.00"}}]
[]
[{"$nulls":11},"Sadzba dane",{"$nulls":10},"Základ dane",{"$nulls":13},"Výška dane"]
[{"$nulls":3},"DPH",null,"základná",{"$nulls":5},{"v":0.2,"d":"20.00%"},{"$nulls":10},{"$f":"ROUND(AZ94, 2)","v":{"v":0,"d":"0.00"}},{"$nulls":13},{"$f":"ROUND(AV94, 2)","v":{"v":0,"d":"0.00"}}]
[{"$nulls":5},"znížená",{"$nulls":5},{"v":0.2,"d":"20.00%"},{"$nulls":10},{"$f":"ROUND(BA94, 2)","v":{"v":0,"d":"0.00"}},{"$nulls":13},{"$f":"ROUND(AW94, 2)","v":{"v":0,"d":"0.00"}}]
[{"$nulls":5},"zákl. prenesená",{"$nulls":5},{"v":0.2,"d":"20.00%"},{"$nulls":10},{"$f":"ROUND(BB94, 2)","v":{"v":0,"d":"0.00"}},{"$nulls":13},{"v":0,"d":"0.00"}]
[{"$nulls":5},"zníž. prenesená",{"$nulls":5},{"v":0.2,"d":"20.00%"},{"$nulls":10},{"$f":"ROUND(BC94, 2)","v":{"v":0,"d":"0.00"}},{"$nulls":13},{"v":0,"d":"0.00"}]
[{"$nulls":5},"nulová",{"$nulls":5},{"v":0,"d":"0.00%"},{"$nulls":10},{"$f":"ROUND(BD94, 2)","v":{"v":0,"d":"0.00"}},{"$nulls":13},{"v":0,"d":"0.00"}]
[]
[{"$nulls":3},"Cena s DPH",{"$nulls":15},"v",{"$nulls":3},"EUR",{"$nulls":12},{"$f":"SUM(AK26:AK33)","v":{"v":0,"d":"0.00"}}]
{"$rows_empty":13}
[{"$nulls":3},"Projektant",{"$nulls":29},"Spracovateľ"]
{"$rows_empty":10}
[{"$nulls":3},"Dátum a podpis:",{"$nulls":17},"Pečiatka",{"$nulls":11},"Dátum a podpis:",{"$nulls":4},"Pečiatka"]
[]
[]
[]
[{"$nulls":3},"Objednávateľ",{"$nulls":29},"Zhotoviteľ"]
{"$rows_empty":10}
[{"$nulls":3},"Dátum a podpis:",{"$nulls":17},"Pečiatka",{"$nulls":11},"Dátum a podpis:",{"$nulls":4},"Pečiatka"]
[]
[]
[]
[]
[]
[]
[null,null,"REKAPITULÁCIA OBJEKTOV STAVBY"]
[]
[null,null,"Kód:"]
[null,null,"Stavba:",{"$nulls":8},{"$f":"K6","v":"Dom baníckych tradícií - banícka pamätná izba v obci Rakovnica"}]
[]
[null,null,"Miesto:",{"$nulls":8},{"$f":"IF(K8=\"\",\"\",K8)","v":"Rakovnica"},{"$nulls":22},"Dátum:",{"$nulls":3},{"$f":"IF(AN8= \"\",\"\",AN8)","v":""}]
[]
[null,null,"Objednávateľ:",{"$nulls":8},{"$f":"IF(E11= \"\",\"\",E11)","v":"Obec Rakovnica"},{"$nulls":22},"Projektant:",{"$nulls":3},{"$f":"IF(E17=\"\",\"\",E17)","v":"TYFON s.r.o., Ing. Boris Šramko"},{"$nulls":5},"Informatívne údaje z listov zákaziek"]
[null,null,"Zhotoviteľ:",{"$nulls":8},{"$f":"IF(E14= \"Vyplň údaj\",\"\",E14)","v":""},{"$nulls":22},"Spracovateľ:",{"$nulls":3},{"$f":"IF(E20=\"\",\"\",E20)","v":"Ing. Boris Šramko"}]
[]
[null,null,"Kód",{"$nulls":5},"Popis",{"$nulls":23},"Cena bez DPH [EUR]",{"$nulls":6},"Cena s DPH [EUR]",null,null,"Typ",null,"z toho Ostat.\r\nnáklady [EUR]","DPH [EUR]","Normohodiny [h]","DPH základná [EUR]","DPH znížená [EUR]","DPH základná prenesená\r\n[EUR]","DPH znížená prenesená\r\n[EUR]","Základňa\r\nDPH základná","Základňa\r\nDPH znížená","Základňa\r\nDPH zákl. prenesená","Základňa\r\nDPH zníž. prenesená","Základňa\r\nDPH nulová"]
[]
[null,null,"Náklady z rozpočtov",{"$nulls":29},{"$f":"ROUND(AG95,2)","v":{"v":0,"d":"0.00"}},{"$nulls":6},{"$f":"SUM(AG94,AT94)","v":{"v":0,"d":"0.00"}},null,null,"",null,{"$f":"ROUND(AS95,2)","v":{"v":0,"d":"0.00"}},{"$f":"ROUND(SUM(AV94:AW94),2)","v":{"v":0,"d":"0.00"}},{"$f":"ROUND(AU95,5)","v":{"v":0,"d":"0.00000"}},{"$f":"ROUND(AZ94*L29,2)","v":{"v":0,"d":"0.00"}},{"$f":"ROUND(BA94*L30,2)","v":{"v":0,"d":"0.00"}},{"$f":"ROUND(BB94*L29,2)","v":{"v":0,"d":"0.00"}},{"$f":"ROUND(BC94*L30,2)","v":{"v":0,"d":"0.00"}},{"$f":"ROUND(AZ95,2)","v":{"v":0,"d":"0.00"}},{"$f":"ROUND(BA95,2)","v":{"v":0,"d":"0.00"}},{"$f":"ROUND(BB95,2)","v":{"v":0,"d":"0.00"}},{"$f":"ROUND(BC95,2)","v":{"v":0,"d":"0.00"}},{"$f":"ROUND(BD95,2)","v":{"v":0,"d":"0.00"}},{"$nulls":14},"D","0",null,"IMPORT","{4208a8ff-79c8-452a-b7d3-618d0599e2c7}","{00000000-0000-0000-0000-000000000000}",{"$nulls":13},""]
["/",{"$nulls":8},"Dom baníckych tradícií - banícka pamätná izba v obci Rakovnica",{"$nulls":22},{"$f":"'14-6-2023 - Dom baníckych...'!J28","v":{"v":0,"d":"0.00"}},{"$nulls":6},{"$f":"SUM(AG95,AT95)","v":{"v":0,"d":"0.00"}},null,null,"STA",null,{"v":0,"d":"0.00"},{"$f":"ROUND(SUM(AV95:AW95),2)","v":{"v":0,"d":"0.00"}},{"$f":"'14-6-2023 - Dom baníckych...'!P137","v":{"v":0,"d":"0.00000"}},{"$f":"'14-6-2023 - Dom baníckych...'!J31","v":{"v":0,"d":"0.00"}},{"$f":"'14-6-2023 - Dom baníckych...'!J32","v":{"v":0,"d":"0.00"}},{"$f":"'14-6-2023 - Dom baníckych...'!J33","v":{"v":0,"d":"0.00"}},{"$f":"'14-6-2023 - Dom baníckych...'!J34","v":{"v":0,"d":"0.00"}},{"$f":"'14-6-2023 - Dom baníckych...'!F31","v":{"v":0,"d":"0.00"}},{"$f":"'14-6-2023 - Dom baníckych...'!F32","v":{"v":0,"d":"0.00"}},{"$f":"'14-6-2023 - Dom baníckych...'!F33","v":{"v":0,"d":"0.00"}},{"$f":"'14-6-2023 - Dom baníckych...'!F34","v":{"v":0,"d":"0.00"}},{"$f":"'14-6-2023 - Dom baníckych...'!F35","v":{"v":0,"d":"0.00"}},{"$nulls":15},"1","###NOINSERT###","IMPORT","{4208a8ff-79c8-452a-b7d3-618d0599e2c7}","{00000000-0000-0000-0000-000000000000}",{"$nulls":13},""]

{"sheet":"14-6-2023 - Dom baníckych...","index":1,"n_rows":245,"n_cols":65,"rows_kept":245,"merged":[[1,11,1,21],[6,4,6,7],[15,4,15,7],[24,4,24,7],[84,4,84,7],[128,4,128,7]]}
[]
[{"$nulls":11},">>  skryté stĺpce  <<",{"$nulls":33},"{4208a8ff-79c8-452a-b7d3-618d0599e2c7}"]
[{"$nulls":45},"0"]
[{"$nulls":3},"KRYCÍ LIST ROZPOČTU",{"$nulls":8},"v ---  nižšie sa nachádzajú doplnkové a pomocné údaje k zostavám  --- v",{"$nulls":32},"False"]
[]
[{"$nulls":3},"Stavba:"]
[{"$nulls":4},"Dom baníckych tradícií - banícka pamätná izba v obci Rakovnica"]
[]
[{"$nulls":3},"JKSO:",null,"",null,null,"KS:",""]
[{"$nulls":3},"Miesto:",null,"Rakovnica",null,null,"Dátum:"]
[]
[{"$nulls":3},"Objednávateľ:",{"$nulls":4},"IČO:",""]
[{"$nulls":4},"Obec Rakovnica",{"$nulls":3},"IČ DPH:",""]
[]
[{"$nulls":3},"Zhotoviteľ:",{"$nulls":4},"IČO:",{"$f":"'Rekapitulácia stavby'!AN13","v":"Vyplň údaj"}]
[{"$nulls":4},{"$f":"'Rekapitulácia stavby'!E14","v":"Vyplň údaj"},{"$nulls":3},"IČ DPH:",{"$f":"'Rekapitulácia stavby'!AN14","v":"Vyplň údaj"}]
[]
[{"$nulls":3},"Projektant:",{"$nulls":4},"IČO:","48307874"]
[{"$nulls":4},"TYFON s.r.o., Ing. Boris Šramko",{"$nulls":3},"IČ DPH:",""]
[]
[{"$nulls":3},"Spracovateľ:",{"$nulls":4},"IČO:",""]
[{"$nulls":4},"Ing. Boris Šramko",{"$nulls":3},"IČ DPH:",""]
[]
[{"$nulls":3},"Poznámka:"]
[{"$nulls":4},""]
[]
[]
[{"$nulls":3},"Cena bez DPH",{"$nulls":5},{"$f":"ROUND(J137, 2)","v":{"v":0,"d":"0.00"}}]
[]
[{"$nulls":5},"Základ dane",null,null,"Sadzba dane","Výška dane"]
[{"$nulls":3},"DPH","základná",{"$f":"ROUND((SUM(BE137:BE245)),  2)","v":{"v":0,"d":"0.00"}},null,null,{"v":0.2,"d":"20.00%"},{"$f":"ROUND(((SUM(BE137:BE245))*I31),  2)","v":{"v":0,"d":"0.00"}}]
[{"$nulls":4},"znížená",{"$f":"ROUND((SUM(BF137:BF245)),  2)","v":{"v":0,"d":"0.00"}},null,null,{"v":0.2,"d":"20.00%"},{"$f":"ROUND(((SUM(BF137:BF245))*I32),  2)","v":{"v":0,"d":"0.00"}}]
[{"$nulls":4},"zákl. prenesená",{"$f":"ROUND((SUM(BG137:BG245)),  2)","v":{"v":0,"d":"0.00"}},null,null,{"v":0.2,"d":"20.00%"},{"$f":"0","v":{"v":0,"d":"0.00"}}]
[{"$nulls":4},"zníž. prenesená",{"$f":"ROUND((SUM(BH137:BH245)),  2)","v":{"v":0,"d":"0.00"}},null,null,{"v":0.2,"d":"20.00%"},{"$f":"0","v":{"v":0,"d":"0.00"}}]
[{"$nulls":4},"nulová",{"$f":"ROUND((SUM(BI137:BI245)),  2)","v":{"v":0,"d":"0.00"}},null,null,{"v":0,"d":"0.00%"},{"$f":"0","v":{"v":0,"d":"0.00"}}]
[]
[{"$nulls":3},"Cena s DPH",null,null,"v","EUR",null,{"$f":"SUM(J28:J35)","v":{"v":0,"d":"0.00"}}]
{"$rows_empty":12}
[{"$nulls":3},"Projektant",null,null,"Spracovateľ"]
{"$rows_empty":10}
[{"$nulls":3},"Dátum a podpis:",null,"Pečiatka","Dátum a podpis:",null,null,"Pečiatka"]
[]
[]
[]
[{"$nulls":3},"Objednávateľ",null,null,"Zhotoviteľ"]
{"$rows_empty":10}
[{"$nulls":3},"Dátum a podpis:",null,"Pečiatka","Dátum a podpis:",null,null,"Pečiatka"]
[]
[]
[]
[]
[]
[null,null,"REKAPITULÁCIA ROZPOČTU"]
[]
[null,null,"Stavba:"]
[{"$nulls":4},{"$f":"E7","v":"Dom baníckych tradícií - banícka pamätná izba v obci Rakovnica"}]
[]
[null,null,"Miesto:",null,null,{"$f":"F10","v":"Rakovnica"},null,null,"Dátum:",{"$f":"IF(J10=\"\",\"\",J10)","v":""}]
[]
[null,null,"Objednávateľ:",null,null,{"$f":"E13","v":"Obec Rakovnica"},null,null,"Projektant:",{"$f":"E19","v":"TYFON s.r.o., Ing. Boris Šramko"}]
[null,null,"Zhotoviteľ:",null,null,{"$f":"IF(E16=\"\",\"\",E16)","v":"Vyplň údaj"},null,null,"Spracovateľ:",{"$f":"E22","v":"Ing. Boris Šramko"}]
[]
[null,null,"Kód dielu - Popis",{"$nulls":6},"Cena celkom [EUR]"]
[]
[null,null,"Náklady z rozpočtu",{"$nulls":6},{"$f":"J137","v":{"v":0,"d":"0.00"}},{"$nulls":36},"-1"]
[{"$nulls":3},"HSV - Práce a dodávky HSV",{"$nulls":5},{"$f":"J138","v":{"v":0,"d":"0.00"}}]
[{"$nulls":3},"    1 - Zemné práce",{"$nulls":5},{"$f":"J139","v":{"v":0,"d":"0.00"}}]
[{"$nulls":3},"    2 - Zakladanie",{"$nulls":5},{"$f":"J144","v":{"v":0,"d":"0.00"}}]
[{"$nulls":3},"    3 - Zvislé a kompletné konštrukcie",{"$nulls":5},{"$f":"J148","v":{"v":0,"d":"0.00"}}]
[{"$nulls":3},"    4 - Vodorovné konštrukcie",{"$nulls":5},{"$f":"J153","v":{"v":0,"d":"0.00"}}]
[{"$nulls":3},"    6 - Úpravy povrchov, podlahy, osadenie",{"$nulls":5},{"$f":"J159","v":{"v":0,"d":"0.00"}}]
[{"$nulls":3},"    8 - Rúrové vedenie",{"$nulls":5},{"$f":"J162","v":{"v":0,"d":"0.00"}}]
[{"$nulls":3},"    9 - Ostatné konštrukcie a práce-búranie",{"$nulls":5},{"$f":"J164","v":{"v":0,"d":"0.00"}}]
[{"$nulls":3},"PSV - Práce a dodávky PSV",{"$nulls":5},{"$f":"J172","v":{"v":0,"d":"0.00"}}]
[{"$nulls":3},"    721 - Zdravotechnika - vnútorná kanalizácia",{"$nulls":5},{"$f":"J173","v":{"v":0,"d":"0.00"}}]
[{"$nulls":3},"    722 - Zdravotechnika - vnútorný vodovod",{"$nulls":5},{"$f":"J175","v":{"v":0,"d":"0.00"}}]
[{"$nulls":3},"    725 - Zdravotechnika - zariaďovacie predmety",{"$nulls":5},{"$f":"J177","v":{"v":0,"d":"0.00"}}]
[{"$nulls":3},"    735 - Ústredné kúrenie - vykurovacie telesá",{"$nulls":5},{"$f":"J182","v":{"v":0,"d":"0.00"}}]
[{"$nulls":3},"    762 - Konštrukcie tesárske",{"$nulls":5},{"$f":"J184","v":{"v":0,"d":"0.00"}}]
[{"$nulls":3},"    763 - Konštrukcie - drevostavby",{"$nulls":5},{"$f":"J195","v":{"v":0,"d":"0.00"}}]
[{"$nulls":3},"    764 - Konštrukcie klampiarske",{"$nulls":5},{"$f":"J200","v":{"v":0,"d":"0.00"}}]
[{"$nulls":3},"    766 - Konštrukcie stolárske",{"$nulls":5},{"$f":"J220","v":{"v":0,"d":"0.00"}}]
[{"$nulls":3},"    767 - Konštrukcie doplnkové kovové",{"$nulls":5},{"$f":"J226","v":{"v":0,"d":"0.00"}}]
[{"$nulls":3},"    771 - Podlahy z dlaždíc",{"$nulls":5},{"$f":"J228","v":{"v":0,"d":"0.00"}}]
[{"$nulls":3},"    781 - Obklady",{"$nulls":5},{"$f":"J231","v":{"v":0,"d":"0.00"}}]
[{"$nulls":3},"    783 - Nátery",{"$nulls":5},{"$f":"J233","v":{"v":0,"d":"0.00"}}]
[{"$nulls":3},"    784 - Maľby",{"$nulls":5},{"$f":"J236","v":{"v":0,"d":"0.00"}}]
[{"$nulls":3},"M - Práce a dodávky M",{"$nulls":5},{"$f":"J238","v":{"v":0,"d":"0.00"}}]
[{"$nulls":3},"    21-M - Elektromontáže",{"$nulls":5},{"$f":"J239","v":{"v":0,"d":"0.00"}}]
[{"$nulls":3},"VRN - Investičné náklady neobsiahnuté v cenách",{"$nulls":5},{"$f":"J241","v":{"v":0,"d":"0.00"}}]
[]
[]
[]
[]
[]
[]
[null,null,"ROZPOČET"]
[]
[null,null,"Stavba:"]
[{"$nulls":4},{"$f":"E7","v":"Dom baníckych tradícií - banícka pamätná izba v obci Rakovnica"}]
[]
[null,null,"Miesto:",null,null,{"$f":"F10","v":"Rakovnica"},null,null,"Dátum:",{"$f":"IF(J10=\"\",\"\",J10)","v":""}]
[]
[null,null,"Objednávateľ:",null,null,{"$f":"E13","v":"Obec Rakovnica"},null,null,"Projektant:",{"$f":"E19","v":"TYFON s.r.o., Ing. Boris Šramko"}]
[null,null,"Zhotoviteľ:",null,null,{"$f":"IF(E16=\"\",\"\",E16)","v":"Vyplň údaj"},null,null,"Spracovateľ:",{"$f":"E22","v":"Ing. Boris Šramko"}]
[]
[null,null,"PČ","Typ","Kód","Popis","MJ","Množstvo","J.cena [EUR]","Cena celkom [EUR]","Cenová sústava",null,"","DPH","J. Nh [h]","Nh celkom [h]","J. hmotnosť [t]","Hmotnosť celkom [t]","J. suť [t]","Suť Celkom [t]"]
[null,null,"Náklady z rozpočtu",{"$nulls":6},{"$f":"BK137","v":{"v":0,"d":"0.000"}},{"$nulls":5},{"$f":"P138+P172+P238+P241","v":{"v":0,"d":"0.00000"}},null,{"$f":"R138+R172+R238+R241","v":{"v":36.8494779,"d":"36.84948"}},null,{"$f":"T138+T172+T238+T241","v":{"v":1.978,"d":"1.97800"}},{"$nulls":25},"D","-1",{"$nulls":15},{"$f":"BK138+BK172+BK238+BK241","v":{"v":0,"d":"0.000"}}]
[{"$nulls":3},"D","HSV","Práce a dodávky HSV",{"$nulls":3},{"$f":"BK138","v":{"v":0,"d":"0.000"}},{"$nulls":5},{"$f":"P139+P144+P148+P153+P159+P162+P164","v":{"v":0,"d":"0.00000"}},null,{"$f":"R139+R144+R148+R153+R159+R162+R164","v":{"v":33.0439375,"d":"33.04394"}},null,{"$f":"T139+T144+T148+T153+T159+T162+T164","v":{"v":0.196,"d":"0.19600"}},{"$nulls":23},"1",null,"D","0",{"$nulls":3},"ROZPOCET",{"$nulls":11},{"$f":"BK139+BK144+BK148+BK153+BK159+BK162+BK164","v":{"v":0,"d":"0.000"}}]
[{"$nulls":3},"D","1","Zemné práce",{"$nulls":3},{"$f":"BK139","v":{"v":0,"d":"0.000"}},{"$nulls":5},{"$f":"SUM(P140:P143)","v":{"v":0,"d":"0.00000"}},null,{"$f":"SUM(R140:R143)","v":{"v":0,"d":"0.00000"}},null,{"$f":"SUM(T140:T143)","v":{"v":0,"d":"0.00000"}},{"$nulls":23},"1",null,"D","1",{"$nulls":3},"ROZPOCET",{"$nulls":11},{"$f":"SUM(BK140:BK143)","v":{"v":0,"d":"0.000"}}]
[null,null,"1","K","122101101.S","Výkopové práce - obkopanie základov, výkop žumpy","m3",{"v":42,"d":"42.000"},null,{"$f":"ROUND(I140*H140,3)","v":{"v":0,"d":"0.000"}},null,null,"","znížená",null,{"$f":"O140*H140","v":{"v":0,"d":"0.00000"}},{"v":0,"d":"0.00000"},{"$f":"Q140*H140","v":{"v":0,"d":"0.00000"}},{"v":0,"d":"0.00000"},{"$f":"S140*H140","v":{"v":0,"d":"0.00000"}},{"$nulls":23},"4",null,"K","2",{"$nulls":3},"ROZPOCET",{"$nulls":5},{"$f":"IF(N140=\"základná\",J140,0)","v":{"v":0,"d":"0.00"}},{"$f":"IF(N140=\"znížená\",J140,0)","v":{"v":0,"d":"0.00"}},{"$f":"IF(N140=\"zákl. prenesená\",J140,0)","v":{"v":0,"d":"0.00"}},{"$f":"IF(N140=\"zníž. prenesená\",J140,0)","v":{"v":0,"d":"0.00"}},{"$f":"IF(N140=\"nulová\",J140,0)","v":{"v":0,"d":"0.00"}},"2",{"$f":"ROUND(I140*H140,3)","v":{"v":0,"d":"0.000"}},"4","588361206"]
[null,null,"2","K","122101102.S","Výkopové práce – ručné výkopy, osádzanie rúr, obdrenážovanie základov a iné","kpl",{"v":1,"d":"1.000"},null,{"$f":"ROUND(I141*H141,3)","v":{"v":0,"d":"0.000"}},null,null,"","znížená",null,{"$f":"O141*H141","v":{"v":0,"d":"0.00000"}},{"v":0,"d":"0.00000"},{"$f":"Q141*H141","v":{"v":0,"d":"0.00000"}},{"v":0,"d":"0.00000"},{"$f":"S141*H141","v":{"v":0,"d":"0.00000"}},{"$nulls":23},"4",null,"K","2",{"$nulls":3},"ROZPOCET",{"$nulls":5},{"$f":"IF(N141=\"základná\",J141,0)","v":{"v":0,"d":"0.00"}},{"$f":"IF(N141=\"znížená\",J141,0)","v":{"v":0,"d":"0.00"}},{"$f":"IF(N141=\"zákl. prenesená\",J141,0)","v":{"v":0,"d":"0.00"}},{"$f":"IF(N141=\"zníž. prenesená\",J141,0)","v":{"v":0,"d":"0.00"}},{"$f":"IF(N141=\"nulová\",J141,0)","v":{"v":0,"d":"0.00"}},"2",{"$f":"ROUND(I141*H141,3)","v":{"v":0,"d":"0.000"}},"4","1383608055"]
[null,null,"3","K","131211101.S","Vytýčenie, výkopové práce a betonáž - prístrešok","m3",{"v":4,"d":"4.000"},null,{"$f":"ROUND(I142*H142,3)","v":{"v":0,"d":"0.000"}},null,null,"","znížená",null,{"$f":"O142*H142","v":{"v":0,"d":"0.00000"}},{"v":0,"d":"0.00000"},{"$f":"Q142*H142","v":{"v":0,"d":"0.00000"}},{"v":0,"d":"0.00000"},{"$f":"S142*H142","v":{"v":0,"d":"0.00000"}},{"$nulls":23},"4",null,"K","2",{"$nulls":3},"ROZPOCET",{"$nulls":5},{"$f":"IF(N142=\"základná\",J142,0)","v":{"v":0,"d":"0.00"}},{"$f":"IF(N142=\"znížená\",J142,0)","v":{"v":0,"d":"0.00"}},{"$f":"IF(N142=\"zákl. prenesená\",J142,0)","v":{"v":0,"d":"0.00"}},{"$f":"IF(N142=\"zníž. prenesená\",J142,0)","v":{"v":0,"d":"0.00"}},{"$f":"IF(N142=\"nulová\",J142,0)","v":{"v":0,"d":"0.00"}},"2",{"$f":"ROUND(I142*H142,3)","v":{"v":0,"d":"0.000"}},"4","1290259272"]
[null,null,"4","K","162301101.S","Vývoz zeminy","m3",{"v":42,"d":"42.000"},null,{"$f":"ROUND(I143*H143,3)","v":{"v":0,"d":"0.000"}},null,null,"","znížená",null,{"$f":"O143*H143","v":{"v":0,"d":"0.00000"}},{"v":0,"d":"0.00000"},{"$f":"Q143*H143","v":{"v":0,"d":"0.00000"}},{"v":0,"d":"0.00000"},{"$f":"S143*H143","v":{"v":0,"d":"0.00000"}},{"$nulls":23},"4",null,"K","2",{"$nulls":3},"ROZPOCET",{"$nulls":5},{"$f":"IF(N143=\"základná\",J143,0)","v":{"v":0,"d":"0.00"}},{"$f":"IF(N143=\"znížená\",J143,0)","v":{"v":0,"d":"0.00"}},{"$f":"IF(N143=\"zákl. prenesená\",J143,0)","v":{"v":0,"d":"0.00"}},{"$f":"IF(N143=\"zníž. prenesená\",J143,0)","v":{"v":0,"d":"0.00"}},{"$f":"IF(N143=\"nulová\",J143,0)","v":{"v":0,"d":"0.00"}},"2",{"$f":"ROUND(I143*H143,3)","v":{"v":0,"d":"0.000"}},"4","1900890262"]
[{"$nulls":3},"D","2","Zakladanie",{"$nulls":3},{"$f":"BK144","v":{"v":0,"d":"0.000"}},{"$nulls":5},{"$f":"SUM(P145:P147)","v":{"v":0,"d":"0.00000"}},null,{"$f":"SUM(R145:R147)","v":{"v":5.569101999999999,"d":"5.56910"}},null,{"$f":"SUM(T145:T147)","v":{"v":0,"d":"0.00000"}},{"$nulls":23},"1",null,"D","1",{"$nulls":3},"ROZPOCET",{"$nulls":11},{"$f":"SUM(BK145:BK147)","v":{"v":0,"d":"0.000"}}]
[null,null,"5","K","212752211.S","Drenáž a odvodnenie spodnej vody, profilovaná fólia na ochranu základového muriva, drenážna rúra, kamenivo frakcie 16-32, 0 – 16 mm (cca 30 bm)","ks",{"v":1,"d":"1.000"},null,{"$f":"ROUND(I145*H145,3)","v":{"v":0,"d":"0.000"}},null,null,"","znížená",null,{"$f":"O145*H145","v":{"v":0,"d":"0.00000"}},0.24639,{"$f":"Q145*H145","v":0.24639},{"v":0,"d":"0.00000"},{"$f":"S145*H145","v":{"v":0,"d":"0.00000"}},{"$nulls":23},"4",null,"K","2",{"$nulls":3},"ROZPOCET",{"$nulls":5},{"$f":"IF(N145=\"základná\",J145,0)","v":{"v":0,"d":"0.00"}},{"$f":"IF(N145=\"znížená\",J145,0)","v":{"v":0,"d":"0.00"}},{"$f":"IF(N145=\"zákl. prenesená\",J145,0)","v":{"v":0,"d":"0.00"}},{"$f":"IF(N145=\"zníž. prenesená\",J145,0)","v":{"v":0,"d":"0.00"}},{"$f":"IF(N145=\"nulová\",J145,0)","v":{"v":0,"d":"0.00"}},"2",{"$f":"ROUND(I145*H145,3)","v":{"v":0,"d":"0.000"}},"4","1997287701"]
[null,null,"6","K","273351215.S","Výroba a montáž šalovacích dielcov 500x500x800 mm - prístrešok","ks",{"v":4,"d":"4.000"},null,{"$f":"ROUND(I146*H146,3)","v":{"v":0,"d":"0.000"}},null,null,"","znížená",null,{"$f":"O146*H146","v":{"v":0,"d":"0.00000"}},{"v":0.0016,"d":"0.00160"},{"$f":"Q146*H146","v":{"v":0.0064,"d":"0.00640"}},{"v":0,"d":"0.00000"},{"$f":"S146*H146","v":{"v":0,"d":"0.00000"}},{"$nulls":23},"4",null,"K","2",{"$nulls":3},"ROZPOCET",{"$nulls":5},{"$f":"IF(N146=\"základná\",J146,0)","v":{"v":0,"d":"0.00"}},{"$f":"IF(N146=\"znížená\",J146,0)","v":{"v":0,"d":"0.00"}},{"$f":"IF(N146=\"zákl. prenesená\",J146,0)","v":{"v":0,"d":"0.00"}},{"$f":"IF(N146=\"zníž. prenesená\",J146,0)","v":{"v":0,"d":"0.00"}},{"$f":"IF(N146=\"nulová\",J146,0)","v":{"v":0,"d":"0.00"}},"2",{"$f":"ROUND(I146*H146,3)","v":{"v":0,"d":"0.000"}},"4","565686622"]
[null,null,"7","K","275321312.S","Betón C20 s pumpou  - prístrešok","m3",{"v":2.4,"d":"2.400"},null,{"$f":"ROUND(I147*H147,3)","v":{"v":0,"d":"0.000"}},null,null,"","znížená",null,{"$f":"O147*H147","v":{"v":0,"d":"0.00000"}},2.21513,{"$f":"Q147*H147","v":{"v":5.316311999999999,"d":"5.31631"}},{"v":0,"d":"0.00000"},{"$f":"S147*H147","v":{"v":0,"d":"0.00000"}},{"$nulls":23},"4",null,"K","2",{"$nulls":3},"ROZPOCET",{"$nulls":5},{"$f":"IF(N147=\"základná\",J147,0)","v":{"v":0,"d":"0.00"}},{"$f":"IF(N147=\"znížená\",J147,0)","v":{"v":0,"d":"0.00"}},{"$f":"IF(N147=\"zákl. prenesená\",J147,0)","v":{"v":0,"d":"0.00"}},{"$f":"IF(N147=\"zníž. prenesená\",J147,0)","v":{"v":0,"d":"0.00"}},{"$f":"IF(N147=\"nulová\",J147,0)","v":{"v":0,"d":"0.00"}},"2",{"$f":"ROUND(I147*H147,3)","v":{"v":0,"d":"0.000"}},"4","1039784325"]
[{"$nulls":3},"D","3","Zvislé a kompletné konštrukcie",{"$nulls":3},{"$f":"BK148","v":{"v":0,"d":"0.000"}},{"$nulls":5},{"$f":"SUM(P149:P152)","v":{"v":0,"d":"0.00000"}},null,{"$f":"SUM(R149:R152)","v":{"v":6.495336,"d":"6.49534"}},null,{"$f":"SUM(T149:T152)","v":{"v":0,"d":"0.00000"}},{"$nulls":23},"1",null,"D","1",{"$nulls":3},"ROZPOCET",{"$nulls":11},{"$f":"SUM(BK149:BK152)","v":{"v":0,"d":"0.000"}}]
[null,null,"8","K","312232124.S","Murárske a obkladačské práce – výmurovka priečok, osádzanie drevených, obložiek, zárubní a dverí, obklady a dlažby, betonáž schodov, výspravky okenných, a dverných otvorov a iné stavebné práce ","kpl",{"v":1,"d":"1.000"},null,{"$f":"ROUND(I149*H149,3)","v":{"v":0,"d":"0.000"}},null,null,"","znížená",null,{"$f":"O149*H149","v":{"v":0,"d":"0.00000"}},0.38213,{"$f":"Q149*H149","v":0.38213},{"v":0,"d":"0.00000"},{"$f":"S149*H149","v":{"v":0,"d":"0.00000"}},{"$nulls":23},"4",null,"K","2",{"$nulls":3},"ROZPOCET",{"$nulls":5},{"$f":"IF(N149=\"základná\",J149,0)","v":{"v":0,"d":"0.00"}},{"$f":"IF(N149=\"znížená\",J149,0)","v":{"v":0,"d":"0.00"}},{"$f":"IF(N149=\"zákl. prenesená\",J149,0)","v":{"v":0,"d":"0.00"}},{"$f":"IF(N149=\"zníž. prenesená\",J149,0)","v":{"v":0,"d":"0.00"}},{"$f":"IF(N149=\"nulová\",J149,0)","v":{"v":0,"d":"0.00"}},"2",{"$f":"ROUND(I149*H149,3)","v":{"v":0,"d":"0.000"}},"4","-588997518"]
[null,null,"9","K","314231124.S","Oprava komínov – vymurovanie + omietnutie komínového telesa","ks",{"v":2,"d":"2.000"},null,{"$f":"ROUND(I150*H150,3)","v":{"v":0,"d":"0.000"}},null,null,"","znížená",null,{"$f":"O150*H150","v":{"v":0,"d":"0.00000"}},1.90703,{"$f":"Q150*H150","v":3.81406},{"v":0,"d":"0.00000"},{"$f":"S150*H150","v":{"v":0,"d":"0.00000"}},{"$nulls":23},"4",null,"K","2",{"$nulls":3},"ROZPOCET",{"$nulls":5},{"$f":"IF(N150=\"základná\",J150,0)","v":{"v":0,"d":"0.00"}},{"$f":"IF(N150=\"znížená\",J150,0)","v":{"v":0,"d":"0.00"}},{"$f":"IF(N150=\"zákl. prenesená\",J150,0)","v":{"v":0,"d":"0.00"}},{"$f":"IF(N150=\"zníž. prenesená\",J150,0)","v":{"v":0,"d":"0.00"}},{"$f":"IF(N150=\"nulová\",J150,0)","v":{"v":0,"d":"0.00"}},"2",{"$f":"ROUND(I150*H150,3)","v":{"v":0,"d":"0.000"}},"4","-763241673"]
[null,null,"10","K","314231284.S","Murovanie komína, silikónová omietka","ks",{"v":1,"d":"1.000"},null,{"$f":"ROUND(I151*H151,3)","v":{"v":0,"d":"0.000"}},null,null,"","znížená",null,{"$f":"O151*H151","v":{"v":0,"d":"0.00000"}},1.32711,{"$f":"Q151*H151","v":1.32711},{"v":0,"d":"0.00000"},{"$f":"S151*H151","v":{"v":0,"d":"0.00000"}},{"$nulls":23},"4",null,"K","2",{"$nulls":3},"ROZPOCET",{"$nulls":5},{"$f":"IF(N151=\"základná\",J151,0)","v":{"v":0,"d":"0.00"}},{"$f":"IF(N151=\"znížená\",J151,0)","v":{"v":0,"d":"0.00"}},{"$f":"IF(N151=\"zákl. prenesená\",J151,0)","v":{"v":0,"d":"0.00"}},{"$f":"IF(N151=\"zníž. prenesená\",J151,0)","v":{"v":0,"d":"0.00"}},{"$f":"IF(N151=\"nulová\",J151,0)","v":{"v":0,"d":"0.00"}},"2",{"$f":"ROUND(I151*H151,3)","v":{"v":0,"d":"0.000"}},"4","-134658708"]
[null,null,"11","K","342272100","Priečky YTONG hr. 100 mm ( 9 bm)","m2",{"v":23.4,"d":"23.400"},null,{"$f":"ROUND(I152*H152,3)","v":{"v":0,"d":"0.000"}},null,null,"","znížená",null,{"$f":"O152*H152","v":{"v":0,"d":"0.00000"}},0.04154,{"$f":"Q152*H152","v":{"v":0.9720359999999999,"d":"0.97204"}},{"v":0,"d":"0.00000"},{"$f":"S152*H152","v":{"v":0,"d":"0.00000"}},{"$nulls":23},"4",null,"K","2",{"$nulls":3},"ROZPOCET",{"$nulls":5},{"$f":"IF(N152=\"základná\",J152,0)","v":{"v":0,"d":"0.00"}},{"$f":"IF(N152=\"znížená\",J152,0)","v":{"v":0,"d":"0.00"}},{"$f":"IF(N152=\"zákl. prenesená\",J152,0)","v":{"v":0,"d":"0.00"}},{"$f":"IF(N152=\"zníž. prenesená\",J152,0)","v":{"v":0,"d":"0.00"}},{"$f":"IF(N152=\"nulová\",J152,0)","v":{"v":0,"d":"0.00"}},"2",{"$f":"ROUND(I152*H152,3)","v":{"v":0,"d":"0.000"}},"4","-1754080388"]
[{"$nulls":3},"D","4","Vodorovné konštrukcie",{"$nulls":3},{"$f":"BK153","v":{"v":0,"d":"0.000"}},{"$nulls":5},{"$f":"SUM(P154:P158)","v":{"v":0,"d":"0.00000"}},null,{"$f":"SUM(R154:R158)","v":{"v":2.4506995000000003,"d":"2.45070"}},null,{"$f":"SUM(T154:T158)","v":{"v":0,"d":"0.00000"}},{"$nulls":23},"1",null,"D","1",{"$nulls":3},"ROZPOCET",{"$nulls":11},{"$f":"SUM(BK154:BK158)","v":{"v":0,"d":"0.000"}}]
[null,null,"12","K","411354171.S","Skladba drevenej podpernej konštrukcie (chodba) – hobľovanie, brúsenie, delenie, čapovanie a iné..","m3",{"v":0.95,"d":"0.950"},null,{"$f":"ROUND(I154*H154,3)","v":{"v":0,"d":"0.000"}},null,null,"","znížená",null,{"$f":"O154*H154","v":{"v":0,"d":"0.00000"}},0.00221,{"$f":"Q154*H154","v":{"v":2.0995000000000002E-3,"d":"0.00210"}},{"v":0,"d":"0.00000"},{"$f":"S154*H154","v":{"v":0,"d":"0.00000"}},{"$nulls":23},"4",null,"K","2",{"$nulls":3},"ROZPOCET",{"$nulls":5},{"$f":"IF(N154=\"základná\",J154,0)","v":{"v":0,"d":"0.00"}},{"$f":"IF(N154=\"znížená\",J154,0)","v":{"v":0,"d":"0.00"}},{"$f":"IF(N154=\"zákl. prenesená\",J154,0)","v":{"v":0,"d":"0.00"}},{"$f":"IF(N154=\"zníž. prenesená\",J154,0)","v":{"v":0,"d":"0.00"}},{"$f":"IF(N154=\"nulová\",J154,0)","v":{"v":0,"d":"0.00"}},"2",{"$f":"ROUND(I154*H154,3)","v":{"v":0,"d":"0.000"}},"4","-1465445894"]
[null,null,"13","K","417321515.S","Betón C25/30 s pumpou (cca 3,4 m3)","ks",{"v":1,"d":"1.000"},null,{"$f":"ROUND(I155*H155,3)","v":{"v":0,"d":"0.000"}},null,null,"","znížená",null,{"$f":"O155*H155","v":{"v":0,"d":"0.00000"}},2.40186,{"$f":"Q155*H155","v":2.40186},{"v":0,"d":"0.00000"},{"$f":"S155*H155","v":{"v":0,"d":"0.00000"}},{"$nulls":23},"4",null,"K","2",{"$nulls":3},"ROZPOCET",{"$nulls":5},{"$f":"IF(N155=\"základná\",J155,0)","v":{"v":0,"d":"0.00"}},{"$f":"IF(N155=\"znížená\",J155,0)","v":{"v":0,"d":"0.00"}},{"$f":"IF(N155=\"zákl. prenesená\",J155,0)","v":{"v":0,"d":"0.00"}},{"$f":"IF(N155=\"zníž. prenesená\",J155,0)","v":{"v":0,"d":"0.00"}},{"$f":"IF(N155=\"nulová\",J155,0)","v":{"v":0,"d":"0.00"}},"2",{"$f":"ROUND(I155*H155,3)","v":{"v":0,"d":"0.000"}},"4","1012012682"]
[null,null,"14","K","417321826.S","Výroba a montáž dreveného debnenia stužujúceho venca okolo celého obvodu,výroba armatúry osadenie a armovanie + výroba betónu a betonáž stužujúceho venca, s dopravou do výšky cca 4 m + rozobratie debnenia","hod",{"v":270,"d":"270.000"},null,{"$f":"ROUND(I156*H156,3)","v":{"v":0,"d":"0.000"}},null,null,"","znížená",null,{"$f":"O156*H156","v":{"v":0,"d":"0.00000"}},{"v":1E-4,"d":"0.00010"},{"$f":"Q156*H156","v":{"v":0.027,"d":"0.02700"}},{"v":0,"d":"0.00000"},{"$f":"S156*H156","v":{"v":0,"d":"0.00000"}},{"$nulls":23},"4",null,"K","2",{"$nulls":3},"ROZPOCET",{"$nulls":5},{"$f":"IF(N156=\"základná\",J156,0)","v":{"v":0,"d":"0.00"}},{"$f":"IF(N156=\"znížená\",J156,0)","v":{"v":0,"d":"0.00"}},{"$f":"IF(N156=\"zákl. prenesená\",J156,0)","v":{"v":0,"d":"0.00"}},{"$f":"IF(N156=\"zníž. prenesená\",J156,0)","v":{"v":0,"d":"0.00"}},{"$f":"IF(N156=\"nulová\",J156,0)","v":{"v":0,"d":"0.00"}},"2",{"$f":"ROUND(I156*H156,3)","v":{"v":0,"d":"0.000"}},"4","739816758"]
[null,null,"15","K","417351115.S","Debnenie bočníc stužujúcich pásov a vencov vrátane vzpier zhotovenie, oddebnenie","ks",{"v":1,"d":"1.000"},null,{"$f":"ROUND(I157*H157,3)","v":{"v":0,"d":"0.000"}},null,null,"","znížená",null,{"$f":"O157*H157","v":{"v":0,"d":"0.00000"}},{"v":3.14E-3,"d":"0.00314"},{"$f":"Q157*H157","v":{"v":3.14E-3,"d":"0.00314"}},{"v":0,"d":"0.00000"},{"$f":"S157*H157","v":{"v":0,"d":"0.00000"}},{"$nulls":23},"4",null,"K","2",{"$nulls":3},"ROZPOCET",{"$nulls":5},{"$f":"IF(N157=\"základná\",J157,0)","v":{"v":0,"d":"0.00"}},{"$f":"IF(N157=\"znížená\",J157,0)","v":{"v":0,"d":"0.00"}},{"$f":"IF(N157=\"zákl. prenesená\",J157,0)","v":{"v":0,"d":"0.00"}},{"$f":"IF(N157=\"zníž. prenesená\",J157,0)","v":{"v":0,"d":"0.00"}},{"$f":"IF(N157=\"nulová\",J157,0)","v":{"v":0,"d":"0.00"}},"2",{"$f":"ROUND(I157*H157,3)","v":{"v":0,"d":"0.000"}},"4","1289037636"]
[null,null,"16","K","417361831.S","Betonárska výstuž 4,6 mm, armovací drôt s háčikom 120,140,160 mm (1 bal.= 1000ks),  viazací drôt na armovanie žíhaný FE 2,2 mm","ks",{"v":1,"d":"1.000"},null,{"$f":"ROUND(I158*H158,3)","v":{"v":0,"d":"0.000"}},null,null,"","znížená",null,{"$f":"O158*H158","v":{"v":0,"d":"0.00000"}},{"v":0.0166,"d":"0.01660"},{"$f":"Q158*H158","v":{"v":0.0166,"d":"0.01660"}},{"v":0,"d":"0.00000"},{"$f":"S158*H158","v":{"v":0,"d":"0.00000"}},{"$nulls":23},"4",null,"K","2",{"$nulls":3},"ROZPOCET",{"$nulls":5},{"$f":"IF(N158=\"základná\",J158,0)","v":{"v":0,"d":"0.00"}},{"$f":"IF(N158=\"znížená\",J158,0)","v":{"v":0,"d":"0.00"}},{"$f":"IF(N158=\"zákl. prenesená\",J158,0)","v":{"v":0,"d":"0.00"}},{"$f":"IF(N158=\"zníž. prenesená\",J158,0)","v":{"v":0,"d":"0.00"}},{"$f":"IF(N158=\"nulová\",J158,0)","v":{"v":0,"d":"0.00"}},"2",{"$f":"ROUND(I158*H158,3)","v":{"v":0,"d":"0.000"}},"4","-1972140446"]
[{"$nulls":3},"D","6","Úpravy povrchov, podlahy, osadenie",{"$nulls":3},{"$f":"BK159","v":{"v":0,"d":"0.000"}},{"$nulls":5},{"$f":"SUM(P160:P161)","v":{"v":0,"d":"0.00000"}},null,{"$f":"SUM(R160:R161)","v":0.00435},null,{"$f":"SUM(T160:T161)","v":{"v":0,"d":"0.00000"}},{"$nulls":23},"1",null,"D","1",{"$nulls":3},"ROZPOCET",{"$nulls":11},{"$f":"SUM(BK160:BK161)","v":{"v":0,"d":"0.000"}}]
[null,null,"17","K","612460206.S","YTONG vnútorná stierka hladená, YTONG výstužná tkanina, penetrák hĺbkový, lepidlo pod sieťku flexibilné, cementový sanačný postrek,Vápenná štuková omietka šedá, disperzné farby na omietky, pomocný materiál a spotrebný materiál   ","kpl",{"v":1,"d":"1.000"},null,{"$f":"ROUND(I160*H160,3)","v":{"v":0,"d":"0.000"}},null,null,"","znížená",null,{"$f":"O160*H160","v":{"v":0,"d":"0.00000"}},{"v":0.0042,"d":"0.00420"},{"$f":"Q160*H160","v":{"v":0.0042,"d":"0.00420"}},{"v":0,"d":"0.00000"},{"$f":"S160*H160","v":{"v":0,"d":"0.00000"}},{"$nulls":23},"4",null,"K","2",{"$nulls":3},"ROZPOCET",{"$nulls":5},{"$f":"IF(N160=\"základná\",J160,0)","v":{"v":0,"d":"0.00"}},{"$f":"IF(N160=\"znížená\",J160,0)","v":{"v":0,"d":"0.00"}},{"$f":"IF(N160=\"zákl. prenesená\",J160,0)","v":{"v":0,"d":"0.00"}},{"$f":"IF(N160=\"zníž. prenesená\",J160,0)","v":{"v":0,"d":"0.00"}},{"$f":"IF(N160=\"nulová\",J160,0)","v":{"v":0,"d":"0.00"}},"2",{"$f":"ROUND(I160*H160,3)","v":{"v":0,"d":"0.000"}},"4","-392794682"]
[null,null,"18","K","622460111.S","Omietky a fasáda – penetrácia, cementový sanačný postrek, hrubá vápeno-cementová omietka, jemná štuková omietka a iné","kpl",{"v":1,"d":"1.000"},null,{"$f":"ROUND(I161*H161,3)","v":{"v":0,"d":"0.000"}},null,null,"","znížená",null,{"$f":"O161*H161","v":{"v":0,"d":"0.00000"}},0.00015,{"$f":"Q161*H161","v":0.00015},{"v":0,"d":"0.00000"},{"$f":"S161*H161","v":{"v":0,"d":"0.00000"}},{"$nulls":23},"4",null,"K","2",{"$nulls":3},"ROZPOCET",{"$nulls":5},{"$f":"IF(N161=\"základná\",J161,0)","v":{"v":0,"d":"0.00"}},{"$f":"IF(N161=\"znížená\",J161,0)","v":{"v":0,"d":"0.00"}},{"$f":"IF(N161=\"zákl. prenesená\",J161,0)","v":{"v":0,"d":"0.00"}},{"$f":"IF(N161=\"zníž. prenesená\",J161,0)","v":{"v":0,"d":"0.00"}},{"$f":"IF(N161=\"nulová\",J161,0)","v":{"v":0,"d":"0.00"}},"2",{"$f":"ROUND(I161*H161,3)","v":{"v":0,"d":"0.000"}},"4","1987195341"]
[{"$nulls":3},"D","8","Rúrové vedenie",{"$nulls":3},{"$f":"BK162","v":{"v":0,"d":"0.000"}},{"$nulls":5},{"$f":"P163","v":{"v":0,"d":"0.00000"}},null,{"$f":"R163","v":{"v":0.0049,"d":"0.00490"}},null,{"$f":"T163","v":{"v":0,"d":"0.00000"}},{"$nulls":23},"1",null,"D","1",{"$nulls":3},"ROZPOCET",{"$nulls":11},{"$f":"BK163","v":{"v":0,"d":"0.000"}}]
[null,null,"19","K","894170200.S","Dodávka a osadenie betónovej žumpy 5m3 + zapojenie + zarovnanie terénu","ks",{"v":1,"d":"1.000"},null,{"$f":"ROUND(I163*H163,3)","v":{"v":0,"d":"0.000"}},null,null,"","znížená",null,{"$f":"O163*H163","v":{"v":0,"d":"0.00000"}},{"v":0.0049,"d":"0.00490"},{"$f":"Q163*H163","v":{"v":0.0049,"d":"0.00490"}},{"v":0,"d":"0.00000"},{"$f":"S163*H163","v":{"v":0,"d":"0.00000"}},{"$nulls":23},"4",null,"K","2",{"$nulls":3},"ROZPOCET",{"$nulls":5},{"$f":"IF(N163=\"základná\",J163,0)","v":{"v":0,"d":"0.00"}},{"$f":"IF(N163=\"znížená\",J163,0)","v":{"v":0,"d":"0.00"}},{"$f":"IF(N163=\"zákl. prenesená\",J163,0)","v":{"v":0,"d":"0.00"}},{"$f":"IF(N163=\"zníž. prenesená\",J163,0)","v":{"v":0,"d":"0.00"}},{"$f":"IF(N163=\"nulová\",J163,0)","v":{"v":0,"d":"0.00"}},"2",{"$f":"ROUND(I163*H163,3)","v":{"v":0,"d":"0.000"}},"4","-593725011"]
[{"$nulls":3},"D","9","Ostatné konštrukcie a práce-búranie",{"$nulls":3},{"$f":"BK164","v":{"v":0,"d":"0.000"}},{"$nulls":5},{"$f":"SUM(P165:P171)","v":{"v":0,"d":"0.00000"}},null,{"$f":"SUM(R165:R171)","v":18.51955},null,{"$f":"SUM(T165:T171)","v":{"v":0.196,"d":"0.19600"}},{"$nulls":23},"1",null,"D","1",{"$nulls":3},"ROZPOCET",{"$nulls":11},{"$f":"SUM(BK165:BK171)","v":{"v":0,"d":"0.000"}}]
[null,null,"20","K","914002811.S","Výroba, dodávka a montáž informačných tabúľ a smerovníkov","ks",{"v":1,"d":"1.000"},null,{"$f":"ROUND(I165*H165,3)","v":{"v":0,"d":"0.000"}},null,null,"","znížená",null,{"$f":"O165*H165","v":{"v":0,"d":"0.00000"}},3.58303,{"$f":"Q165*H165","v":3.58303},{"v":0,"d":"0.00000"},{"$f":"S165*H165","v":{"v":0,"d":"0.00000"}},{"$nulls":23},"4",null,"K","2",{"$nulls":3},"ROZPOCET",{"$nulls":5},{"$f":"IF(N165=\"základná\",J165,0)","v":{"v":0,"d":"0.00"}},{"$f":"IF(N165=\"znížená\",J165,0)","v":{"v":0,"d":"0.00"}},{"$f":"IF(N165=\"zákl. prenesená\",J165,0)","v":{"v":0,"d":"0.00"}},{"$f":"IF(N165=\"zníž. prenesená\",J165,0)","v":{"v":0,"d":"0.00"}},{"$f":"IF(N165=\"nulová\",J165,0)","v":{"v":0,"d":"0.00"}},"2",{"$f":"ROUND(I165*H165,3)","v":{"v":0,"d":"0.000"}},"4","1542531518"]
[null,null,"21","K","941941031.S","Montáž postavenie lešenia","m2",{"v":240,"d":"240.000"},null,{"v":0,"d":"0.000"},null,null,"","znížená",null,{"v":0,"d":"0.00000"},0.02572,{"v":6.1728,"d":"6.17280"},{"v":0,"d":"0.00000"},{"v":0,"d":"0.00000"},{"$nulls":23},"4",null,"K","2",{"$nulls":3},"ROZPOCET",{"$nulls":5},{"v":0,"d":"0.00"},{"v":0,"d":"0.00"},{"v":0,"d":"0.00"},{"v":0,"d":"0.00"},{"v":0,"d":"0.00"},"2",{"v":0,"d":"0.000"},"4","-1811816523"]
[null,null,"22","K","941941032.S","Montáž postavenie lešenia - prístrešok","m2",{"v":54,"d":"54.000"},null,{"v":0,"d":"0.000"},null,null,"","znížená",null,{"v":0,"d":"0.00000"},0.02399,1.29546,{"v":0,"d":"0.00000"},{"v":0,"d":"0.00000"},{"$nulls":23},"4",null,"K","2",{"$nulls":3},"ROZPOCET",{"$nulls":5},{"v":0,"d":"0.00"},{"v":0,"d":"0.00"},{"v":0,"d":"0.00"},{"v":0,"d":"0.00"},{"v":0,"d":"0.00"},"2",{"v":0,"d":"0.000"},"4","-518114277"]
[null,null,"23","K","941941831.S","Demontáž lešenia","m2",{"v":240,"d":"240.000"},null,{"v":0,"d":"0.000"},null,null,"","znížená",null,{"v":0,"d":"0.00000"},0.02572,{"v":6.1728,"d":"6.17280"},{"v":0,"d":"0.00000"},{"v":0,"d":"0.00000"},{"$nulls":23},"4",null,"K","2",{"$nulls":3},"ROZPOCET",{"$nulls":5},{"v":0,"d":"0.00"},{"v":0,"d":"0.00"},{"v":0,"d":"0.00"},{"v":0,"d":"0.00"},{"v":0,"d":"0.00"},"2",{"v":0,"d":"0.000"},"4","-1641590103"]
[null,null,"24","K","941941832.S","Demontáž lešenia - prístrešok","m2",{"v":54,"d":"54.000"},null,{"v":0,"d":"0.000"},null,null,"","znížená",null,{"v":0,"d":"0.00000"},0.02399,1.29546,{"v":0,"d":"0.00000"},{"v":0,"d":"0.00000"},{"$nulls":23},"4",null,"K","2",{"$nulls":3},"ROZPOCET",{"$nulls":5},{"v":0,"d":"0.00"},{"v":0,"d":"0.00"},{"v":0,"d":"0.00"},{"v":0,"d":"0.00"},{"v":0,"d":"0.00"},"2",{"v":0,"d":"0.000"},"4","245847230"]
[null,null,"25","K","962031132.S","Odstránenie starých omietok (interiér, exteriér), vybúranie nových otvorov, (dvere, okná), odstránenie starých priečok, podlahy, dlažby, gang, obklady a iné","kpl",{"v":1,"d":"1.000"},null,{"v":0,"d":"0.000"},null,null,"","znížená",null,{"v":0,"d":"0.00000"},{"v":0,"d":"0.00000"},{"v":0,"d":"0.00000"},{"v":0.196,"d":"0.19600"},{"v":0.196,"d":"0.19600"},{"$nulls":23},"4",null,"K","2",{"$nulls":3},"ROZPOCET",{"$nulls":5},{"v":0,"d":"0.00"},{"v":0,"d":"0.00"},{"v":0,"d":"0.00"},{"v":0,"d":"0.00"},{"v":0,"d":"0.00"},"2",{"v":0,"d":"0.000"},"4","1200633676"]
[null,null,"26","K","979081111.S","Likvidácia stavebnej sute 7t kontajner","ks",{"v":3,"d":"3.000"},null,{"v":0,"d":"0.000"},null,null,"","znížená",null,{"v":0,"d":"0.00000"},{"v":0,"d":"0.00000"},{"v":0,"d":"0.00000"},{"v":0,"d":"0.00000"},{"v":0,"d":"0.00000"},{"$nulls":23},"4",null,"K","2",{"$nulls":3},"ROZPOCET",{"$nulls":5},{"v":0,"d":"0.00"},{"v":0,"d":"0.00"},{"v":0,"d":"0.00"},{"v":0,"d":"0.00"},{"v":0,"d":"0.00"},"2",{"v":0,"d":"0.000"},"4","-192541524"]
[{"$nulls":3},"D","PSV","Práce a dodávky PSV",{"$nulls":3},{"$f":"BK172","v":{"v":0,"d":"0.000"}},{"$nulls":5},{"$f":"P173+P175+P177+P182+P184+P195+P200+P220+P226+P228+P231+P233+P236","v":{"v":0,"d":"0.00000"}},null,{"$f":"R173+R175+R177+R182+R184+R195+R200+R220+R226+R228+R231+R233+R236","v":{"v":3.8055404,"d":"3.80554"}},null,{"$f":"T173+T175+T177+T182+T184+T195+T200+T220+T226+T228+T231+T233+T236","v":{"v":1.782,"d":"1.78200"}},{"$nulls":23},"2",null,"D","0",{"$nulls":3},"ROZPOCET",{"$nulls":11},{"$f":"BK173+BK175+BK177+BK182+BK184+BK195+BK200+BK220+BK226+BK228+BK231+BK233+BK236","v":{"v":0,"d":"0.000"}}]
[{"$nulls":3},"D","721","Zdravotechnika - vnútorná kanalizácia",{"$nulls":3},{"$f":"BK173","v":{"v":0,"d":"0.000"}},{"$nulls":5},{"$f":"P174","v":{"v":0,"d":"0.00000"}},null,{"$f":"R174","v":{"v":1.17E-3,"d":"0.00117"}},null,{"$f":"T174","v":{"v":0,"d":"0.00000"}},{"$nulls":23},"2",null,"D","1",{"$nulls":3},"ROZPOCET",{"$nulls":11},{"$f":"BK174","v":{"v":0,"d":"0.000"}}]
[null,null,"27","K","721171106.S","Kanalizácia a vodoinštalačné práce – osádzanie PVC rúr, ručné výkopy +búracie práce, montáž rozvodov, montáž sanity, montáž batérií a iné","klp",{"v":1,"d":"1.000"},null,{"$f":"ROUND(I174*H174,3)","v":{"v":0,"d":"0.000"}},null,null,"","znížená",null,{"$f":"O174*H174","v":{"v":0,"d":"0.00000"}},{"v":1.17E-3,"d":"0.00117"},{"$f":"Q174*H174","v":{"v":1.17E-3,"d":"0.00117"}},{"v":0,"d":"0.00000"},{"$f":"S174*H174","v":{"v":0,"d":"0.00000"}},{"$nulls":23},"16",null,"K","2",{"$nulls":3},"ROZPOCET",{"$nulls":5},{"$f":"IF(N174=\"základná\",J174,0)","v":{"v":0,"d":"0.00"}},{"$f":"IF(N174=\"znížená\",J174,0)","v":{"v":0,"d":"0.00"}},{"$f":"IF(N174=\"zákl. prenesená\",J174,0)","v":{"v":0,"d":"0.00"}},{"$f":"IF(N174=\"zníž. prenesená\",J174,0)","v":{"v":0,"d":"0.00"}},{"$f":"IF(N174=\"nulová\",J174,0)","v":{"v":0,"d":"0.00"}},"2",{"$f":"ROUND(I174*H174,3)","v":{"v":0,"d":"0.000"}},"16","-132440044"]
[{"$nulls":3},"D","722","Zdravotechnika - vnútorný vodovod",{"$nulls":3},{"$f":"BK175","v":{"v":0,"d":"0.000"}},{"$nulls":5},{"$f":"P176","v":{"v":0,"d":"0.00000"}},null,{"$f":"R176","v":{"v":0,"d":"0.00000"}},null,{"$f":"T176","v":{"v":0,"d":"0.00000"}},{"$nulls":23},"2",null,"D","1",{"$nulls":3},"ROZPOCET",{"$nulls":11},{"$f":"BK176","v":{"v":0,"d":"0.000"}}]
[null,null,"28","K","722172327.S","PVC Rúry, kolená rozvody odpadu a vodovodu komplet","kpl",{"v":1,"d":"1.000"},null,{"$f":"ROUND(I176*H176,3)","v":{"v":0,"d":"0.000"}},null,null,"","znížená",null,{"$f":"O176*H176","v":{"v":0,"d":"0.00000"}},{"v":0,"d":"0.00000"},{"$f":"Q176*H176","v":{"v":0,"d":"0.00000"}},{"v":0,"d":"0.00000"},{"$f":"S176*H176","v":{"v":0,"d":"0.00000"}},{"$nulls":23},"16",null,"K","2",{"$nulls":3},"ROZPOCET",{"$nulls":5},{"$f":"IF(N176=\"základná\",J176,0)","v":{"v":0,"d":"0.00"}},{"$f":"IF(N176=\"znížená\",J176,0)","v":{"v":0,"d":"0.00"}},{"$f":"IF(N176=\"zákl. prenesená\",J176,0)","v":{"v":0,"d":"0.00"}},{"$f":"IF(N176=\"zníž. prenesená\",J176,0)","v":{"v":0,"d":"0.00"}},{"$f":"IF(N176=\"nulová\",J176,0)","v":{"v":0,"d":"0.00"}},"2",{"$f":"ROUND(I176*H176,3)","v":{"v":0,"d":"0.000"}},"16","-1069737723"]
[{"$nulls":3},"D","725","Zdravotechnika - zariaďovacie predmety",{"$nulls":3},{"$f":"BK177","v":{"v":0,"d":"0.000"}},{"$nulls":5},{"$f":"SUM(P178:P181)","v":{"v":0,"d":"0.00000"}},null,{"$f":"SUM(R178:R181)","v":{"v":0.016329999999999997,"d":"0.01633"}},null,{"$f":"SUM(T178:T181)","v":{"v":0,"d":"0.00000"}},{"$nulls":23},"2",null,"D","1",{"$nulls":3},"ROZPOCET",{"$nulls":11},{"$f":"SUM(BK178:BK181)","v":{"v":0,"d":"0.000"}}]
[null,null,"29","K","725119107.S","WC kombi ","ks",{"v":2,"d":"2.000"},null,{"$f":"ROUND(I178*H178,3)","v":{"v":0,"d":"0.000"}},null,null,"","znížená",null,{"$f":"O178*H178","v":{"v":0,"d":"0.00000"}},{"v":0,"d":"0.00000"},{"$f":"Q178*H178","v":{"v":0,"d":"0.00000"}},{"v":0,"d":"0.00000"},{"$f":"S178*H178","v":{"v":0,"d":"0.00000"}},{"$nulls":23},"16",null,"K","2",{"$nulls":3},"ROZPOCET",{"$nulls":5},{"$f":"IF(N178=\"základná\",J178,0)","v":{"v":0,"d":"0.00"}},{"$f":"IF(N178=\"znížená\",J178,0)","v":{"v":0,"d":"0.00"}},{"$f":"IF(N178=\"zákl. prenesená\",J178,0)","v":{"v":0,"d":"0.00"}},{"$f":"IF(N178=\"zníž. prenesená\",J178,0)","v":{"v":0,"d":"0.00"}},{"$f":"IF(N178=\"nulová\",J178,0)","v":{"v":0,"d":"0.00"}},"2",{"$f":"ROUND(I178*H178,3)","v":{"v":0,"d":"0.000"}},"16","-1542373907"]
[null,null,"30","K","725219201.S","Umývadlo na stenu ","ks",{"v":2,"d":"2.000"},null,{"$f":"ROUND(I179*H179,3)","v":{"v":0,"d":"0.000"}},null,null,"","znížená",null,{"$f":"O179*H179","v":{"v":0,"d":"0.00000"}},{"v":2.3E-3,"d":"0.00230"},{"$f":"Q179*H179","v":{"v":0.0046,"d":"0.00460"}},{"v":0,"d":"0.00000"},{"$f":"S179*H179","v":{"v":0,"d":"0.00000"}},{"$nulls":23},"16",null,"K","2",{"$nulls":3},"ROZPOCET",{"$nulls":5},{"$f":"IF(N179=\"základná\",J179,0)","v":{"v":0,"d":"0.00"}},{"$f":"IF(N179=\"znížená\",J179,0)","v":{"v":0,"d":"0.00"}},{"$f":"IF(N179=\"zákl. prenesená\",J179,0)","v":{"v":0,"d":"0.00"}},{"$f":"IF(N179=\"zníž. prenesená\",J179,0)","v":{"v":0,"d":"0.00"}},{"$f":"IF(N179=\"nulová\",J179,0)","v":{"v":0,"d":"0.00"}},"2",{"$f":"ROUND(I179*H179,3)","v":{"v":0,"d":"0.000"}},"16","-1250922080"]
[null,null,"31","K","725519102.S","Prietokový ohrievač","ks",{"v":3,"d":"3.000"},null,{"$f":"ROUND(I180*H180,3)","v":{"v":0,"d":"0.000"}},null,null,"","znížená",null,{"$f":"O180*H180","v":{"v":0,"d":"0.00000"}},{"v":0.0005,"d":"0.00050"},{"$f":"Q180*H180","v":{"v":1.5E-3,"d":"0.00150"}},{"v":0,"d":"0.00000"},{"$f":"S180*H180","v":{"v":0,"d":"0.00000"}},{"$nulls":23},"16",null,"K","2",{"$nulls":3},"ROZPOCET",{"$nulls":5},{"$f":"IF(N180=\"základná\",J180,0)","v":{"v":0,"d":"0.00"}},{"$f":"IF(N180=\"znížená\",J180,0)","v":{"v":0,"d":"0.00"}},{"$f":"IF(N180=\"zákl. prenesená\",J180,0)","v":{"v":0,"d":"0.00"}},{"$f":"IF(N180=\"zníž. prenesená\",J180,0)","v":{"v":0,"d":"0.00"}},{"$f":"IF(N180=\"nulová\",J180,0)","v":{"v":0,"d":"0.00"}},"2",{"$f":"ROUND(I180*H180,3)","v":{"v":0,"d":"0.000"}},"16","1919242792"]
[null,null,"32","K","725716121.S","Výlevka stojacia keramická s roštom 36x54 cm biela","ks",{"v":1,"d":"1.000"},null,{"$f":"ROUND(I181*H181,3)","v":{"v":0,"d":"0.000"}},null,null,"","znížená",null,{"$f":"O181*H181","v":{"v":0,"d":"0.00000"}},0.01023,{"$f":"Q181*H181","v":0.01023},{"v":0,"d":"0.00000"},{"$f":"S181*H181","v":{"v":0,"d":"0.00000"}},{"$nulls":23},"16",null,"K","2",{"$nulls":3},"ROZPOCET",{"$nulls":5},{"$f":"IF(N181=\"základná\",J181,0)","v":{"v":0,"d":"0.00"}},{"$f":"IF(N181=\"znížená\",J181,0)","v":{"v":0,"d":"0.00"}},{"$f":"IF(N181=\"zákl. prenesená\",J181,0)","v":{"v":0,"d":"0.00"}},{"$f":"IF(N181=\"zníž. prenesená\",J181,0)","v":{"v":0,"d":"0.00"}},{"$f":"IF(N181=\"nulová\",J181,0)","v":{"v":0,"d":"0.00"}},"2",{"$f":"ROUND(I181*H181,3)","v":{"v":0,"d":"0.000"}},"16","1535145131"]
[{"$nulls":3},"D","735","Ústredné kúrenie - vykurovacie telesá",{"$nulls":3},{"$f":"BK182","v":{"v":0,"d":"0.000"}},{"$nulls":5},{"$f":"P183","v":{"v":0,"d":"0.00000"}},null,{"$f":"R183","v":{"v":0.021,"d":"0.02100"}},null,{"$f":"T183","v":{"v":0,"d":"0.00000"}},{"$nulls":23},"2",null,"D","1",{"$nulls":3},"ROZPOCET",{"$nulls":11},{"$f":"BK183","v":{"v":0,"d":"0.000"}}]
[null,null,"33","K","735412111.S","Oceľové kachle P5 7,5 kw","ks",{"v":1,"d":"1.000"},null,{"$f":"ROUND(I183*H183,3)","v":{"v":0,"d":"0.000"}},null,null,"","znížená",null,{"$f":"O183*H183","v":{"v":0,"d":"0.00000"}},{"v":0.021,"d":"0.02100"},{"$f":"Q183*H183","v":{"v":0.021,"d":"0.02100"}},{"v":0,"d":"0.00000"},{"$f":"S183*H183","v":{"v":0,"d":"0.00000"}},{"$nulls":23},"16",null,"K","2",{"$nulls":3},"ROZPOCET",{"$nulls":5},{"$f":"IF(N183=\"základná\",J183,0)","v":{"v":0,"d":"0.00"}},{"$f":"IF(N183=\"znížená\",J183,0)","v":{"v":0,"d":"0.00"}},{"$f":"IF(N183=\"zákl. prenesená\",J183,0)","v":{"v":0,"d":"0.00"}},{"$f":"IF(N183=\"zníž. prenesená\",J183,0)","v":{"v":0,"d":"0.00"}},{"$f":"IF(N183=\"nulová\",J183,0)","v":{"v":0,"d":"0.00"}},"2",{"$f":"ROUND(I183*H183,3)","v":{"v":0,"d":"0.000"}},"16","1702220314"]
[{"$nulls":3},"D","762","Konštrukcie tesárske",{"$nulls":3},{"$f":"BK184","v":{"v":0,"d":"0.000"}},{"$nulls":5},{"$f":"SUM(P185:P194)","v":{"v":0,"d":"0.00000"}},null,{"$f":"SUM(R185:R194)","v":{"v":0.049659999999999996,"d":"0.04966"}},null,{"$f":"SUM(T185:T194)","v":{"v":1.078,"d":"1.07800"}},{"$nulls":23},"2",null,"D","1",{"$nulls":3},"ROZPOCET",{"$nulls":11},{"$f":"SUM(BK185:BK194)","v":{"v":0,"d":"0.000"}}]
[null,null,"34","K","762081010.S","Skladba drevenej konštrukcie – hobľovanie, brúsenie, delenie, čapovanie - prístrešok","m3",{"v":2.96,"d":"2.960"},null,{"$f":"ROUND(I185*H185,3)","v":{"v":0,"d":"0.000"}},null,null,"","znížená",null,{"$f":"O185*H185","v":{"v":0,"d":"0.00000"}},{"v":0,"d":"0.00000"},{"$f":"Q185*H185","v":{"v":0,"d":"0.00000"}},{"v":0,"d":"0.00000"},{"$f":"S185*H185","v":{"v":0,"d":"0.00000"}},{"$nulls":23},"16",null,"K","2",{"$nulls":3},"ROZPOCET",{"$nulls":5},{"$f":"IF(N185=\"základná\",J185,0)","v":{"v":0,"d":"0.00"}},{"$f":"IF(N185=\"znížená\",J185,0)","v":{"v":0,"d":"0.00"}},{"$f":"IF(N185=\"zákl. prenesená\",J185,0)","v":{"v":0,"d":"0.00"}},{"$f":"IF(N185=\"zníž. prenesená\",J185,0)","v":{"v":0,"d":"0.00"}},{"$f":"IF(N185=\"nulová\",J185,0)","v":{"v":0,"d":"0.00"}},"2",{"$f":"ROUND(I185*H185,3)","v":{"v":0,"d":"0.000"}},"16","1684756393"]
[null,null,"35","K","762222141.S","Montáž zábradlia -prístrešok","m",{"v":16,"d":"16.000"},null,{"v":0,"d":"0.000"},null,null,"","znížená",null,{"v":0,"d":"0.00000"},0.00028,0.00448,{"v":0,"d":"0.00000"},{"v":0,"d":"0.00000"},{"$nulls":23},"16",null,"K","2",{"$nulls":3},"ROZPOCET",{"$nulls":5},{"v":0,"d":"0.00"},{"v":0,"d":"0.00"},{"v":0,"d":"0.00"},{"v":0,"d":"0.00"},{"v":0,"d":"0.00"},"2",{"v":0,"d":"0.000"},"16","1590450777"]
[null,null,"36","K","762332110.S","Stavebné rezivo (pomúrnica, stĺpy, dosky),tatranský profil AB, doska naimpregnovaná, doska plotová hladká, laty, MILESI 617 5 l antický orech","kpl",{"v":1,"d":"1.000"},null,{"v":0,"d":"0.000"},null,null,"","znížená",null,{"v":0,"d":"0.00000"},0.00026,0.00026,{"v":0,"d":"0.00000"},{"v":0,"d":"0.00000"},{"$nulls":23},"16",null,"K","2",{"$nulls":3},"ROZPOCET",{"$nulls":5},{"v":0,"d":"0.00"},{"v":0,"d":"0.00"},{"v":0,"d":"0.00"},{"v":0,"d":"0.00"},{"v":0,"d":"0.00"},"2",{"v":0,"d":"0.000"},"16","-681943665"]
[null,null,"37","K","762332120.S","Stavebné rezivo (klieštiny, stĺpy, trámy, krokvy), trešná lata 40x60 mm kalibrovaná, MILESI 616 5 l svetlý orech, doska plotová hladká 100x1000 mm - prístrešok","kpl",{"v":1,"d":"1.000"},null,{"v":0,"d":"0.000"},null,null,"","znížená",null,{"v":0,"d":"0.00000"},0.00026,0.00026,{"v":0,"d":"0.00000"},{"v":0,"d":"0.00000"},{"$nulls":23},"16",null,"K","2",{"$nulls":3},"ROZPOCET",{"$nulls":5},{"v":0,"d":"0.00"},{"v":0,"d":"0.00"},{"v":0,"d":"0.00"},{"v":0,"d":"0.00"},{"v":0,"d":"0.00"},"2",{"v":0,"d":"0.000"},"16","-1310011595"]
[null,null,"38","K","762342811.S","Demontáž starého latovania, krytiny a celej drevenej konštrukcie + sústredenie, na jedno miesto pri stavbe + demontáž štítových múrov a vyčistenie staveniska","m2",{"v":154,"d":"154.000"},null,{"v":0,"d":"0.000"},null,null,"","znížená",null,{"v":0,"d":"0.00000"},{"v":0,"d":"0.00000"},{"v":0,"d":"0.00000"},{"v":0.007,"d":"0.00700"},{"v":1.078,"d":"1.07800"},{"$nulls":23},"16",null,"K","2",{"$nulls":3},"ROZPOCET",{"$nulls":5},{"v":0,"d":"0.00"},{"v":0,"d":"0.00"},{"v":0,"d":"0.00"},{"v":0,"d":"0.00"},{"v":0,"d":"0.00"},"2",{"v":0,"d":"0.000"},"16","-1304421836"]
[null,null,"39","K","762395000.S","Spojovací materiál","ks",{"v":1,"d":"1.000"},null,{"v":0,"d":"0.000"},null,null,"","znížená",null,{"v":0,"d":"0.00000"},0.02233,0.02233,{"v":0,"d":"0.00000"},{"v":0,"d":"0.00000"},{"$nulls":23},"16",null,"K","2",{"$nulls":3},"ROZPOCET",{"$nulls":5},{"v":0,"d":"0.00"},{"v":0,"d":"0.00"},{"v":0,"d":"0.00"},{"v":0,"d":"0.00"},{"v":0,"d":"0.00"},"2",{"v":0,"d":"0.000"},"16","-1849048003"]
[null,null,"40","K","762395001.S","Spojovací materiál - prístrešok","ks",{"v":1,"d":"1.000"},null,{"v":0,"d":"0.000"},null,null,"","znížená",null,{"v":0,"d":"0.00000"},0.02233,0.02233,{"v":0,"d":"0.00000"},{"v":0,"d":"0.00000"},{"$nulls":23},"16",null,"K","2",{"$nulls":3},"ROZPOCET",{"$nulls":5},{"v":0,"d":"0.00"},{"v":0,"d":"0.00"},{"v":0,"d":"0.00"},{"v":0,"d":"0.00"},{"v":0,"d":"0.00"},"2",{"v":0,"d":"0.000"},"16","705368352"]
[null,null,"41","K","762521104.S","Drevená dlážkovica smrek 28x146x5000 mm + náter MILESI hydrocorm","m2",{"v":45,"d":"45.000"},null,{"v":0,"d":"0.000"},null,null,"","znížená",null,{"v":0,"d":"0.00000"},{"v":0,"d":"0.00000"},{"v":0,"d":"0.00000"},{"v":0,"d":"0.00000"},{"v":0,"d":"0.00000"},{"$nulls":23},"16",null,"K","2",{"$nulls":3},"ROZPOCET",{"$nulls":5},{"v":0,"d":"0.00"},{"v":0,"d":"0.00"},{"v":0,"d":"0.00"},{"v":0,"d":"0.00"},{"v":0,"d":"0.00"},"2",{"v":0,"d":"0.000"},"16","-1151756608"]
[null,null,"42","K","762591100.S","Montáž paluboviek (rezanie + nastreľovanie) vo výške nad 4 m + nosná konštrukcia z hranolov 40x50 mm)","m2",{"v":57,"d":"57.000"},null,{"v":0,"d":"0.000"},null,null,"","znížená",null,{"v":0,"d":"0.00000"},{"v":0,"d":"0.00000"},{"v":0,"d":"0.00000"},{"v":0,"d":"0.00000"},{"v":0,"d":"0.00000"},{"$nulls":23},"16",null,"K","2",{"$nulls":3},"ROZPOCET",{"$nulls":5},{"v":0,"d":"0.00"},{"v":0,"d":"0.00"},{"v":0,"d":"0.00"},{"v":0,"d":"0.00"},{"v":0,"d":"0.00"},"2",{"v":0,"d":"0.000"},"16","432582026"]
[null,null,"43","K","762621120.S","Výroba, dodávka a montáž dverí - okien podľa projektu","kpl",{"v":1,"d":"1.000"},null,{"v":0,"d":"0.000"},null,null,"","znížená",null,{"v":0,"d":"0.00000"},{"v":0,"d":"0.00000"},{"v":0,"d":"0.00000"},{"v":0,"d":"0.00000"},{"v":0,"d":"0.00000"},{"$nulls":23},"16",null,"K","2",{"$nulls":3},"ROZPOCET",{"$nulls":5},{"v":0,"d":"0.00"},{"v":0,"d":"0.00"},{"v":0,"d":"0.00"},{"v":0,"d":"0.00"},{"v":0,"d":"0.00"},"2",{"v":0,"d":"0.000"},"16","-319023838"]
[{"$nulls":3},"D","763","Konštrukcie - drevostavby",{"$nulls":3},{"$f":"BK195","v":{"v":0,"d":"0.000"}},{"$nulls":5},{"$f":"SUM(P196:P199)","v":{"v":0,"d":"0.00000"}},null,{"$f":"SUM(R196:R199)","v":{"v":0.5580164999999999,"d":"0.55802"}},null,{"$f":"SUM(T196:T199)","v":{"v":0,"d":"0.00000"}},{"$nulls":23},"2",null,"D","1",{"$nulls":3},"ROZPOCET",{"$nulls":11},{"$f":"SUM(BK196:BK199)","v":{"v":0,"d":"0.000"}}]
[null,null,"44","K","763147111.S","Sadrokartónový strop - komplet","m2",{"v":40.29,"d":"40.290"},null,{"$f":"ROUND(I196*H196,3)","v":{"v":0,"d":"0.000"}},null,null,"","znížená",null,{"$f":"O196*H196","v":{"v":0,"d":"0.00000"}},0.01385,{"$f":"Q196*H196","v":{"v":0.5580164999999999,"d":"0.55802"}},{"v":0,"d":"0.00000"},{"$f":"S196*H196","v":{"v":0,"d":"0.00000"}},{"$nulls":23},"16",null,"K","2",{"$nulls":3},"ROZPOCET",{"$nulls":5},{"$f":"IF(N196=\"základná\",J196,0)","v":{"v":0,"d":"0.00"}},{"$f":"IF(N196=\"znížená\",J196,0)","v":{"v":0,"d":"0.00"}},{"$f":"IF(N196=\"zákl. prenesená\",J196,0)","v":{"v":0,"d":"0.00"}},{"$f":"IF(N196=\"zníž. prenesená\",J196,0)","v":{"v":0,"d":"0.00"}},{"$f":"IF(N196=\"nulová\",J196,0)","v":{"v":0,"d":"0.00"}},"2",{"$f":"ROUND(I196*H196,3)","v":{"v":0,"d":"0.000"}},"16","1865567937"]
[null,null,"45","K","763732112.S","Kompletizácia strechy – montáž priehradových väzníkov, aretovanie a zavetrovanie, kotvenie priehradových väzníkov, fóliovanie, latovanie, pokládka strešnej krytiny, lemoviek (fóliovanie + kontralaty, latovanie zakrývanie betónovou krytinou) montáž hrebeňo","m2",{"v":154,"d":"154.000"},null,{"$f":"ROUND(I197*H197,3)","v":{"v":0,"d":"0.000"}},null,null,"","znížená",null,{"$f":"O197*H197","v":{"v":0,"d":"0.00000"}},{"v":0,"d":"0.00000"},{"$f":"Q197*H197","v":{"v":0,"d":"0.00000"}},{"v":0,"d":"0.00000"},{"$f":"S197*H197","v":{"v":0,"d":"0.00000"}},{"$nulls":23},"16",null,"K","2",{"$nulls":3},"ROZPOCET",{"$nulls":5},{"$f":"IF(N197=\"základná\",J197,0)","v":{"v":0,"d":"0.00"}},{"$f":"IF(N197=\"znížená\",J197,0)","v":{"v":0,"d":"0.00"}},{"$f":"IF(N197=\"zákl. prenesená\",J197,0)","v":{"v":0,"d":"0.00"}},{"$f":"IF(N197=\"zníž. prenesená\",J197,0)","v":{"v":0,"d":"0.00"}},{"$f":"IF(N197=\"nulová\",J197,0)","v":{"v":0,"d":"0.00"}},"2",{"$f":"ROUND(I197*H197,3)","v":{"v":0,"d":"0.000"}},"16","-858708436"]
[null,null,"46","K","763732112.SD","Drevené priehradové väzníky a zavetrovanie, impregnácia, kotviace prvky, doprava","ks",{"v":1,"d":"1.000"},null,{"$f":"ROUND(I198*H198,3)","v":{"v":0,"d":"0.000"}},null,null,"","znížená",null,{"$f":"O198*H198","v":{"v":0,"d":"0.00000"}},{"v":0,"d":"0.00000"},{"$f":"Q198*H198","v":{"v":0,"d":"0.00000"}},{"v":0,"d":"0.00000"},{"$f":"S198*H198","v":{"v":0,"d":"0.00000"}},{"$nulls":23},"16",null,"K","2",{"$nulls":3},"ROZPOCET",{"$nulls":5},{"$f":"IF(N198=\"základná\",J198,0)","v":{"v":0,"d":"0.00"}},{"$f":"IF(N198=\"znížená\",J198,0)","v":{"v":0,"d":"0.00"}},{"$f":"IF(N198=\"zákl. prenesená\",J198,0)","v":{"v":0,"d":"0.00"}},{"$f":"IF(N198=\"zníž. prenesená\",J198,0)","v":{"v":0,"d":"0.00"}},{"$f":"IF(N198=\"nulová\",J198,0)","v":{"v":0,"d":"0.00"}},"2",{"$f":"ROUND(I198*H198,3)","v":{"v":0,"d":"0.000"}},"16","-2109814404"]
[null,null,"47","K","763732113.S","Kompletizácia strechy – latovanie, pokládka strešnej krytiny, lemoviek, montáž hrebeňových lát s hrebenáčom, rezanie krytiny, montáž vetracích prvkov, atď - prístrešok","m2",{"v":31,"d":"31.000"},null,{"$f":"ROUND(I199*H199,3)","v":{"v":0,"d":"0.000"}},null,null,"","znížená",null,{"$f":"O199*H199","v":{"v":0,"d":"0.00000"}},{"v":0,"d":"0.00000"},{"$f":"Q199*H199","v":{"v":0,"d":"0.00000"}},{"v":0,"d":"0.00000"},{"$f":"S199*H199","v":{"v":0,"d":"0.00000"}},{"$nulls":23},"16",null,"K","2",{"$nulls":3},"ROZPOCET",{"$nulls":5},{"$f":"IF(N199=\"základná\",J199,0)","v":{"v":0,"d":"0.00"}},{"$f":"IF(N199=\"znížená\",J199,0)","v":{"v":0,"d":"0.00"}},{"$f":"IF(N199=\"zákl. prenesená\",J199,0)","v":{"v":0,"d":"0.00"}},{"$f":"IF(N199=\"zníž. prenesená\",J199,0)","v":{"v":0,"d":"0.00"}},{"$f":"IF(N199=\"nulová\",J199,0)","v":{"v":0,"d":"0.00"}},"2",{"$f":"ROUND(I199*H199,3)","v":{"v":0,"d":"0.000"}},"16","1671630078"]
[{"$nulls":3},"D","764","Konštrukcie klampiarske",{"$nulls":3},{"$f":"BK200","v":{"v":0,"d":"0.000"}},{"$nulls":5},{"$f":"SUM(P201:P219)","v":{"v":0,"d":"0.00000"}},null,{"$f":"SUM(R201:R219)","v":{"v":2.8766599,"d":"2.87666"}},null,{"$f":"SUM(T201:T219)","v":{"v":0,"d":"0.00000"}},{"$nulls":23},"2",null,"D","1",{"$nulls":3},"ROZPOCET",{"$nulls":11},{"$f":"SUM(BK201:BK219)","v":{"v":0,"d":"0.000"}}]
[null,null,"48","K","764313251.S","Strešná krytina BP2 ALFA 15/350 UTK mat 32 tmavohnedá s antikondenzačnou vrstvou - prístrešok","m2",{"v":31.9,"d":"31.900"},null,{"$f":"ROUND(I201*H201,3)","v":{"v":0,"d":"0.000"}},null,null,"","znížená",null,{"$f":"O201*H201","v":{"v":0,"d":"0.00000"}},0.01137,{"$f":"Q201*H201","v":{"v":0.362703,"d":"0.36270"}},{"v":0,"d":"0.00000"},{"$f":"S201*H201","v":{"v":0,"d":"0.00000"}},{"$nulls":23},"16",null,"K","2",{"$nulls":3},"ROZPOCET",{"$nulls":5},{"$f":"IF(N201=\"základná\",J201,0)","v":{"v":0,"d":"0.00"}},{"$f":"IF(N201=\"znížená\",J201,0)","v":{"v":0,"d":"0.00"}},{"$f":"IF(N201=\"zákl. prenesená\",J201,0)","v":{"v":0,"d":"0.00"}},{"$f":"IF(N201=\"zníž. prenesená\",J201,0)","v":{"v":0,"d":"0.00"}},{"$f":"IF(N201=\"nulová\",J201,0)","v":{"v":0,"d":"0.00"}},"2",{"$f":"ROUND(I201*H201,3)","v":{"v":0,"d":"0.000"}},"16","-1028239683"]
[null,null,"49","K","764313252.S","Strešná krytina BP2 ALFA 15/350 UTK mat 32 tmavohnedá","m2",{"v":157.37,"d":"157.370"},null,{"v":0,"d":"0.000"},null,null,"","znížená",null,{"v":0,"d":"0.00000"},0.01137,{"v":1.7892969,"d":"1.78930"},{"v":0,"d":"0.00000"},{"v":0,"d":"0.00000"},{"$nulls":23},"16",null,"K","2",{"$nulls":3},"ROZPOCET",{"$nulls":5},{"v":0,"d":"0.00"},{"v":0,"d":"0.00"},{"v":0,"d":"0.00"},{"v":0,"d":"0.00"},{"v":0,"d":"0.00"},"2",{"v":0,"d":"0.000"},"16","1594618246"]
[null,null,"50","K","764331420.S","HL.plech v tabuliach 0,5 PE TK mat 32 na všetky lemovky","m",{"v":30,"d":"30.000"},null,{"v":0,"d":"0.000"},null,null,"","znížená",null,{"v":0,"d":"0.00000"},0.00227,{"v":0.0681,"d":"0.06810"},{"v":0,"d":"0.00000"},{"v":0,"d":"0.00000"},{"$nulls":23},"16",null,"K","2",{"$nulls":3},"ROZPOCET",{"$nulls":5},{"v":0,"d":"0.00"},{"v":0,"d":"0.00"},{"v":0,"d":"0.00"},{"v":0,"d":"0.00"},{"v":0,"d":"0.00"},"2",{"v":0,"d":"0.000"},"16","-1107431770"]
[null,null,"51","K","764339411.S","Lemovanie komína 500x500 mm","ks",{"v":1,"d":"1.000"},null,{"v":0,"d":"0.000"},null,null,"","znížená",null,{"v":0,"d":"0.00000"},{"v":0.0006,"d":"0.00060"},{"v":0.0006,"d":"0.00060"},{"v":0,"d":"0.00000"},{"v":0,"d":"0.00000"},{"$nulls":23},"16",null,"K","2",{"$nulls":3},"ROZPOCET",{"$nulls":5},{"v":0,"d":"0.00"},{"v":0,"d":"0.00"},{"v":0,"d":"0.00"},{"v":0,"d":"0.00"},{"v":0,"d":"0.00"},"2",{"v":0,"d":"0.000"},"16","319564516"]
[null,null,"52","K","764341410.S","Výroba + montáž lemoviek (záveterná lišta, okapový plech, atď.)","m",{"v":97,"d":"97.000"},null,{"v":0,"d":"0.000"},null,null,"","znížená",null,{"v":0,"d":"0.00000"},0.00356,{"v":0.34531999999999996,"d":"0.34532"},{"v":0,"d":"0.00000"},{"v":0,"d":"0.00000"},{"$nulls":23},"16",null,"K","2",{"$nulls":3},"ROZPOCET",{"$nulls":5},{"v":0,"d":"0.00"},{"v":0,"d":"0.00"},{"v":0,"d":"0.00"},{"v":0,"d":"0.00"},{"v":0,"d":"0.00"},"2",{"v":0,"d":"0.000"},"16","131925694"]
[null,null,"53","K","764341411.S","Ostatné príslušenstvo ( rozoberateľná manžeta o 12-102 mm, tesnenie nárožia a hrebeňa TopRoll (1 kot.-5 m) hnedá, skrutky, COROCRAT vetrací pás, hnedý 10 cm) ","ks",{"v":1,"d":"1.000"},null,{"v":0,"d":"0.000"},null,null,"","znížená",null,{"v":0,"d":"0.00000"},{"v":3.5E-4,"d":"0.00035"},{"v":3.5E-4,"d":"0.00035"},{"v":0,"d":"0.00000"},{"v":0,"d":"0.00000"},{"$nulls":23},"16",null,"K","2",{"$nulls":3},"ROZPOCET",{"$nulls":5},{"v":0,"d":"0.00"},{"v":0,"d":"0.00"},{"v":0,"d":"0.00"},{"v":0,"d":"0.00"},{"v":0,"d":"0.00"},"2",{"v":0,"d":"0.000"},"16","-1682617324"]
[null,null,"54","K","764341420.S","Výroba + montáž lemoviek (záveterná lišta, atď.) - prístrešok","m",{"v":14,"d":"14.000"},null,{"v":0,"d":"0.000"},null,null,"","znížená",null,{"v":0,"d":"0.00000"},0.00374,0.05236,{"v":0,"d":"0.00000"},{"v":0,"d":"0.00000"},{"$nulls":23},"16",null,"K","2",{"$nulls":3},"ROZPOCET",{"$nulls":5},{"v":0,"d":"0.00"},{"v":0,"d":"0.00"},{"v":0,"d":"0.00"},{"v":0,"d":"0.00"},{"v":0,"d":"0.00"},"2",{"v":0,"d":"0.000"},"16","-366731961"]
[null,null,"55","K","764345310.S","Ventilačný komín FLOW o 100 mm, spodná časť ventilačného komína ALFA","ks",{"v":1,"d":"1.000"},null,{"v":0,"d":"0.000"},null,null,"","znížená",null,{"v":0,"d":"0.00000"},0.00735,0.00735,{"v":0,"d":"0.00000"},{"v":0,"d":"0.00000"},{"$nulls":23},"16",null,"K","2",{"$nulls":3},"ROZPOCET",{"$nulls":5},{"v":0,"d":"0.00"},{"v":0,"d":"0.00"},{"v":0,"d":"0.00"},{"v":0,"d":"0.00"},{"v":0,"d":"0.00"},"2",{"v":0,"d":"0.000"},"16","1024572631"]
[null,null,"56","K","764352421.S","Pododkvapový žľab 150 ","m",{"v":42,"d":"42.000"},null,{"v":0,"d":"0.000"},null,null,"","znížená",null,{"v":0,"d":"0.00000"},{"v":1.58E-3,"d":"0.00158"},0.06636,{"v":0,"d":"0.00000"},{"v":0,"d":"0.00000"},{"$nulls":23},"16",null,"K","2",{"$nulls":3},"ROZPOCET",{"$nulls":5},{"v":0,"d":"0.00"},{"v":0,"d":"0.00"},{"v":0,"d":"0.00"},{"v":0,"d":"0.00"},{"v":0,"d":"0.00"},"2",{"v":0,"d":"0.000"},"16","926506098"]
[null,null,"57","K","764358401.S","Žľabový hák, dlhý 150","ks",{"v":40,"d":"40.000"},null,{"v":0,"d":"0.000"},null,null,"","znížená",null,{"v":0,"d":"0.00000"},0.00257,{"v":0.10279999999999999,"d":"0.10280"},{"v":0,"d":"0.00000"},{"v":0,"d":"0.00000"},{"$nulls":23},"16",null,"K","2",{"$nulls":3},"ROZPOCET",{"$nulls":5},{"v":0,"d":"0.00"},{"v":0,"d":"0.00"},{"v":0,"d":"0.00"},{"v":0,"d":"0.00"},{"v":0,"d":"0.00"},"2",{"v":0,"d":"0.000"},"16","1604451335"]
[null,null,"58","K","764359413.S","Žľabový kotlík oválny 150/100 mm","ks",{"v":4,"d":"4.000"},null,{"v":0,"d":"0.000"},null,null,"","znížená",null,{"v":0,"d":"0.00000"},{"v":1.58E-3,"d":"0.00158"},0.00632,{"v":0,"d":"0.00000"},{"v":0,"d":"0.00000"},{"$nulls":23},"16",null,"K","2",{"$nulls":3},"ROZPOCET",{"$nulls":5},{"v":0,"d":"0.00"},{"v":0,"d":"0.00"},{"v":0,"d":"0.00"},{"v":0,"d":"0.00"},{"v":0,"d":"0.00"},"2",{"v":0,"d":"0.000"},"16","-473412447"]
[null,null,"59","K","764359501.S","Montáž odkvapového systému vrátane hákov, žľabov a zvodových rúr","m",{"v":56,"d":"56.000"},null,{"v":0,"d":"0.000"},null,null,"","znížená",null,{"v":0,"d":"0.00000"},{"v":1E-4,"d":"0.00010"},{"v":0.0056,"d":"0.00560"},{"v":0,"d":"0.00000"},{"v":0,"d":"0.00000"},{"$nulls":23},"16",null,"K","2",{"$nulls":3},"ROZPOCET",{"$nulls":5},{"v":0,"d":"0.00"},{"v":0,"d":"0.00"},{"v":0,"d":"0.00"},{"v":0,"d":"0.00"},{"v":0,"d":"0.00"},"2",{"v":0,"d":"0.000"},"16","-663393618"]
[null,null,"60","K","764359511.S","Žľabový roh vonkajší 330 + žľabový čelo 330, trhací nit TM 4x8mm, úchytná objímka rúry (murivo) dlhý, strešný tmel DDK transparentný 310 ml","ks",{"v":2,"d":"2.000"},null,{"v":0,"d":"0.000"},null,null,"","znížená",null,{"v":0,"d":"0.00000"},{"v":2e-05,"d":"0.00002"},{"v":4e-05,"d":"0.00004"},{"v":0,"d":"0.00000"},{"v":0,"d":"0.00000"},{"$nulls":23},"16",null,"K","2",{"$nulls":3},"ROZPOCET",{"$nulls":5},{"v":0,"d":"0.00"},{"v":0,"d":"0.00"},{"v":0,"d":"0.00"},{"v":0,"d":"0.00"},{"v":0,"d":"0.00"},"2",{"v":0,"d":"0.000"},"16","-1064516003"]
[null,null,"61","K","764391410.S","Záveterná lišta r.š. 400 mm UTK 32 tmavohnedá - prístrešok","m",{"v":14,"d":"14.000"},null,{"v":0,"d":"0.000"},null,null,"","znížená",null,{"v":0,"d":"0.00000"},0.00217,0.03038,{"v":0,"d":"0.00000"},{"v":0,"d":"0.00000"},{"$nulls":23},"16",null,"K","2",{"$nulls":3},"ROZPOCET",{"$nulls":5},{"v":0,"d":"0.00"},{"v":0,"d":"0.00"},{"v":0,"d":"0.00"},{"v":0,"d":"0.00"},{"v":0,"d":"0.00"},"2",{"v":0,"d":"0.000"},"16","109210553"]
[null,null,"62","K","764393411.S","LHP Hrebenáč oblý 0,5 UTK mat 32, čelo Hrebenáča oblá 0,5 UTK mat 32","kpl",{"v":1,"d":"1.000"},null,{"v":0,"d":"0.000"},null,null,"","znížená",null,{"v":0,"d":"0.00000"},0.00014,0.00014,{"v":0,"d":"0.00000"},{"v":0,"d":"0.00000"},{"$nulls":23},"16",null,"K","2",{"$nulls":3},"ROZPOCET",{"$nulls":5},{"v":0,"d":"0.00"},{"v":0,"d":"0.00"},{"v":0,"d":"0.00"},{"v":0,"d":"0.00"},{"v":0,"d":"0.00"},"2",{"v":0,"d":"0.000"},"16","1416332403"]
[null,null,"63","K","764393421.S","LHP Hrebenáč oblý 0,5 UTK mat 32 - prístrešok","ks",{"v":3,"d":"3.000"},null,{"v":0,"d":"0.000"},null,null,"","znížená",null,{"v":0,"d":"0.00000"},0.00014,{"v":4.1999999999999996E-4,"d":"0.00042"},{"v":0,"d":"0.00000"},{"v":0,"d":"0.00000"},{"$nulls":23},"16",null,"K","2",{"$nulls":3},"ROZPOCET",{"$nulls":5},{"v":0,"d":"0.00"},{"v":0,"d":"0.00"},{"v":0,"d":"0.00"},{"v":0,"d":"0.00"},{"v":0,"d":"0.00"},"2",{"v":0,"d":"0.000"},"16","327236147"]
[null,null,"64","K","764454453.S"," Rúra zvodová o 100 mm (4,0m)","m",{"v":16,"d":"16.000"},null,{"v":0,"d":"0.000"},null,null,"","znížená",null,{"v":0,"d":"0.00000"},0.00207,0.03312,{"v":0,"d":"0.00000"},{"v":0,"d":"0.00000"},{"$nulls":23},"16",null,"K","2",{"$nulls":3},"ROZPOCET",{"$nulls":5},{"v":0,"d":"0.00"},{"v":0,"d":"0.00"},{"v":0,"d":"0.00"},{"v":0,"d":"0.00"},{"v":0,"d":"0.00"},"2",{"v":0,"d":"0.000"},"16","1171444035"]
[null,null,"65","K","764751142.S","Koleno odpadového potrubia","ks",{"v":12,"d":"12.000"},null,{"v":0,"d":"0.000"},null,null,"","znížená",null,{"v":0,"d":"0.00000"},0.00042,0.00504,{"v":0,"d":"0.00000"},{"v":0,"d":"0.00000"},{"$nulls":23},"16",null,"K","2",{"$nulls":3},"ROZPOCET",{"$nulls":5},{"v":0,"d":"0.00"},{"v":0,"d":"0.00"},{"v":0,"d":"0.00"},{"v":0,"d":"0.00"},{"v":0,"d":"0.00"},"2",{"v":0,"d":"0.000"},"16","695614149"]
[null,null,"66","K","764900002","Strešná fólia BP2 145m2 (1 kot. = 75 m2)","ks",{"v":3,"d":"3.000"},null,{"v":0,"d":"0.000"},null,null,"","znížená",null,{"v":0,"d":"0.00000"},{"v":1.2E-4,"d":"0.00012"},0.00036,{"v":0,"d":"0.00000"},{"v":0,"d":"0.00000"},{"$nulls":23},"16",null,"K","2",{"$nulls":3},"ROZPOCET",{"$nulls":5},{"v":0,"d":"0.00"},{"v":0,"d":"0.00"},{"v":0,"d":"0.00"},{"v":0,"d":"0.00"},{"v":0,"d":"0.00"},"2",{"v":0,"d":"0.000"},"16","-1596438524"]
[{"$nulls":3},"D","766","Konštrukcie stolárske",{"$nulls":3},{"$f":"BK220","v":{"v":0,"d":"0.000"}},{"$nulls":5},{"$f":"SUM(P221:P225)","v":{"v":0,"d":"0.00000"}},null,{"$f":"SUM(R221:R225)","v":{"v":0,"d":"0.00000"}},null,{"$f":"SUM(T221:T225)","v":{"v":0.704,"d":"0.70400"}},{"$nulls":23},"2",null,"D","1",{"$nulls":3},"ROZPOCET",{"$nulls":11},{"$f":"SUM(BK221:BK225)","v":{"v":0,"d":"0.000"}}]
[null,null,"67","K","766821001.S","Rohová lavica borovica surová 150x86x110","ks",{"v":1,"d":"1.000"},null,{"$f":"ROUND(I221*H221,3)","v":{"v":0,"d":"0.000"}},null,null,"","znížená",null,{"$f":"O221*H221","v":{"v":0,"d":"0.00000"}},{"v":0,"d":"0.00000"},{"$f":"Q221*H221","v":{"v":0,"d":"0.00000"}},{"v":0.088,"d":"0.08800"},{"$f":"S221*H221","v":{"v":0.088,"d":"0.08800"}},{"$nulls":23},"16",null,"K","2",{"$nulls":3},"ROZPOCET",{"$nulls":5},{"$f":"IF(N221=\"základná\",J221,0)","v":{"v":0,"d":"0.00"}},{"$f":"IF(N221=\"znížená\",J221,0)","v":{"v":0,"d":"0.00"}},{"$f":"IF(N221=\"zákl. prenesená\",J221,0)","v":{"v":0,"d":"0.00"}},{"$f":"IF(N221=\"zníž. prenesená\",J221,0)","v":{"v":0,"d":"0.00"}},{"$f":"IF(N221=\"nulová\",J221,0)","v":{"v":0,"d":"0.00"}},"2",{"$f":"ROUND(I221*H221,3)","v":{"v":0,"d":"0.000"}},"16","-2023193567"]
[null,null,"68","K","766821002.S","Drevený jedálenský stôl 60","ks",{"v":1,"d":"1.000"},null,{"$f":"ROUND(I222*H222,3)","v":{"v":0,"d":"0.000"}},null,null,"","znížená",null,{"$f":"O222*H222","v":{"v":0,"d":"0.00000"}},{"v":0,"d":"0.00000"},{"$f":"Q222*H222","v":{"v":0,"d":"0.00000"}},{"v":0.088,"d":"0.08800"},{"$f":"S222*H222","v":{"v":0.088,"d":"0.08800"}},{"$nulls":23},"16",null,"K","2",{"$nulls":3},"ROZPOCET",{"$nulls":5},{"$f":"IF(N222=\"základná\",J222,0)","v":{"v":0,"d":"0.00"}},{"$f":"IF(N222=\"znížená\",J222,0)","v":{"v":0,"d":"0.00"}},{"$f":"IF(N222=\"zákl. prenesená\",J222,0)","v":{"v":0,"d":"0.00"}},{"$f":"IF(N222=\"zníž. prenesená\",J222,0)","v":{"v":0,"d":"0.00"}},{"$f":"IF(N222=\"nulová\",J222,0)","v":{"v":0,"d":"0.00"}},"2",{"$f":"ROUND(I222*H222,3)","v":{"v":0,"d":"0.000"}},"16","448443054"]
[null,null,"69","K","766821003.S","Taburetka","ks",{"v":4,"d":"4.000"},null,{"$f":"ROUND(I223*H223,3)","v":{"v":0,"d":"0.000"}},null,null,"","znížená",null,{"$f":"O223*H223","v":{"v":0,"d":"0.00000"}},{"v":0,"d":"0.00000"},{"$f":"Q223*H223","v":{"v":0,"d":"0.00000"}},{"v":0.088,"d":"0.08800"},{"$f":"S223*H223","v":{"v":0.352,"d":"0.35200"}},{"$nulls":23},"16",null,"K","2",{"$nulls":3},"ROZPOCET",{"$nulls":5},{"$f":"IF(N223=\"základná\",J223,0)","v":{"v":0,"d":"0.00"}},{"$f":"IF(N223=\"znížená\",J223,0)","v":{"v":0,"d":"0.00"}},{"$f":"IF(N223=\"zákl. prenesená\",J223,0)","v":{"v":0,"d":"0.00"}},{"$f":"IF(N223=\"zníž. prenesená\",J223,0)","v":{"v":0,"d":"0.00"}},{"$f":"IF(N223=\"nulová\",J223,0)","v":{"v":0,"d":"0.00"}},"2",{"$f":"ROUND(I223*H223,3)","v":{"v":0,"d":"0.000"}},"16","1508917860"]
[null,null,"70","K","766821004.S","Drevené poličky, rohové poličky, knižnica a iné","kpl",{"v":1,"d":"1.000"},null,{"$f":"ROUND(I224*H224,3)","v":{"v":0,"d":"0.000"}},null,null,"","znížená",null,{"$f":"O224*H224","v":{"v":0,"d":"0.00000"}},{"v":0,"d":"0.00000"},{"$f":"Q224*H224","v":{"v":0,"d":"0.00000"}},{"v":0.088,"d":"0.08800"},{"$f":"S224*H224","v":{"v":0.088,"d":"0.08800"}},{"$nulls":23},"16",null,"K","2",{"$nulls":3},"ROZPOCET",{"$nulls":5},{"$f":"IF(N224=\"základná\",J224,0)","v":{"v":0,"d":"0.00"}},{"$f":"IF(N224=\"znížená\",J224,0)","v":{"v":0,"d":"0.00"}},{"$f":"IF(N224=\"zákl. prenesená\",J224,0)","v":{"v":0,"d":"0.00"}},{"$f":"IF(N224=\"zníž. prenesená\",J224,0)","v":{"v":0,"d":"0.00"}},{"$f":"IF(N224=\"nulová\",J224,0)","v":{"v":0,"d":"0.00"}},"2",{"$f":"ROUND(I224*H224,3)","v":{"v":0,"d":"0.000"}},"16","-1084085129"]
[null,null,"71","K","766821005.S","Iné práce – montáž doplnkových zariadení, nábytku, vyčistenie staveniska a iné drobné práce","kpl",{"v":1,"d":"1.000"},null,{"$f":"ROUND(I225*H225,3)","v":{"v":0,"d":"0.000"}},null,null,"","znížená",null,{"$f":"O225*H225","v":{"v":0,"d":"0.00000"}},{"v":0,"d":"0.00000"},{"$f":"Q225*H225","v":{"v":0,"d":"0.00000"}},{"v":0.088,"d":"0.08800"},{"$f":"S225*H225","v":{"v":0.088,"d":"0.08800"}},{"$nulls":23},"16",null,"K","2",{"$nulls":3},"ROZPOCET",{"$nulls":5},{"$f":"IF(N225=\"základná\",J225,0)","v":{"v":0,"d":"0.00"}},{"$f":"IF(N225=\"znížená\",J225,0)","v":{"v":0,"d":"0.00"}},{"$f":"IF(N225=\"zákl. prenesená\",J225,0)","v":{"v":0,"d":"0.00"}},{"$f":"IF(N225=\"zníž. prenesená\",J225,0)","v":{"v":0,"d":"0.00"}},{"$f":"IF(N225=\"nulová\",J225,0)","v":{"v":0,"d":"0.00"}},"2",{"$f":"ROUND(I225*H225,3)","v":{"v":0,"d":"0.000"}},"16","1378815401"]
[{"$nulls":3},"D","767","Konštrukcie doplnkové kovové",{"$nulls":3},{"$f":"BK226","v":{"v":0,"d":"0.000"}},{"$nulls":5},{"$f":"P227","v":{"v":0,"d":"0.00000"}},null,{"$f":"R227","v":{"v":2e-05,"d":"0.00002"}},null,{"$f":"T227","v":{"v":0,"d":"0.00000"}},{"$nulls":23},"2",null,"D","1",{"$nulls":3},"ROZPOCET",{"$nulls":11},{"$f":"BK227","v":{"v":0,"d":"0.000"}}]
[null,null,"72","K","767137403.S","Drevená obložková zárubňa smrek s náterom a montážou","ks",{"v":2,"d":"2.000"},null,{"$f":"ROUND(I227*H227,3)","v":{"v":0,"d":"0.000"}},null,null,"","znížená",null,{"$f":"O227*H227","v":{"v":0,"d":"0.00000"}},{"v":1e-05,"d":"0.00001"},{"$f":"Q227*H227","v":{"v":2e-05,"d":"0.00002"}},{"v":0,"d":"0.00000"},{"$f":"S227*H227","v":{"v":0,"d":"0.00000"}},{"$nulls":23},"16",null,"K","2",{"$nulls":3},"ROZPOCET",{"$nulls":5},{"$f":"IF(N227=\"základná\",J227,0)","v":{"v":0,"d":"0.00"}},{"$f":"IF(N227=\"znížená\",J227,0)","v":{"v":0,"d":"0.00"}},{"$f":"IF(N227=\"zákl. prenesená\",J227,0)","v":{"v":0,"d":"0.00"}},{"$f":"IF(N227=\"zníž. prenesená\",J227,0)","v":{"v":0,"d":"0.00"}},{"$f":"IF(N227=\"nulová\",J227,0)","v":{"v":0,"d":"0.00"}},"2",{"$f":"ROUND(I227*H227,3)","v":{"v":0,"d":"0.000"}},"16","906633868"]
[{"$nulls":3},"D","771","Podlahy z dlaždíc",{"$nulls":3},{"$f":"BK228","v":{"v":0,"d":"0.000"}},{"$nulls":5},{"$f":"SUM(P229:P230)","v":{"v":0,"d":"0.00000"}},null,{"$f":"SUM(R229:R230)","v":0.09941},null,{"$f":"SUM(T229:T230)","v":{"v":0,"d":"0.00000"}},{"$nulls":23},"2",null,"D","1",{"$nulls":3},"ROZPOCET",{"$nulls":11},{"$f":"SUM(BK229:BK230)","v":{"v":0,"d":"0.000"}}]
[null,null,"73","K","771541215.S","Dlažba  29,5x29,5","m2",{"v":9,"d":"9.000"},null,{"$f":"ROUND(I229*H229,3)","v":{"v":0,"d":"0.000"}},null,null,"","znížená",null,{"$f":"O229*H229","v":{"v":0,"d":"0.00000"}},{"v":0.0032,"d":"0.00320"},{"$f":"Q229*H229","v":{"v":0.028800000000000003,"d":"0.02880"}},{"v":0,"d":"0.00000"},{"$f":"S229*H229","v":{"v":0,"d":"0.00000"}},{"$nulls":23},"16",null,"K","2",{"$nulls":3},"ROZPOCET",{"$nulls":5},{"$f":"IF(N229=\"základná\",J229,0)","v":{"v":0,"d":"0.00"}},{"$f":"IF(N229=\"znížená\",J229,0)","v":{"v":0,"d":"0.00"}},{"$f":"IF(N229=\"zákl. prenesená\",J229,0)","v":{"v":0,"d":"0.00"}},{"$f":"IF(N229=\"zníž. prenesená\",J229,0)","v":{"v":0,"d":"0.00"}},{"$f":"IF(N229=\"nulová\",J229,0)","v":{"v":0,"d":"0.00"}},"2",{"$f":"ROUND(I229*H229,3)","v":{"v":0,"d":"0.000"}},"16","-1249362272"]
[null,null,"74","K","771541220.S","Dlažba mrazuvzdorná 45/45","m2",{"v":23,"d":"23.000"},null,{"$f":"ROUND(I230*H230,3)","v":{"v":0,"d":"0.000"}},null,null,"","znížená",null,{"$f":"O230*H230","v":{"v":0,"d":"0.00000"}},0.00307,{"$f":"Q230*H230","v":{"v":0.07060999999999999,"d":"0.07061"}},{"v":0,"d":"0.00000"},{"$f":"S230*H230","v":{"v":0,"d":"0.00000"}},{"$nulls":23},"16",null,"K","2",{"$nulls":3},"ROZPOCET",{"$nulls":5},{"$f":"IF(N230=\"základná\",J230,0)","v":{"v":0,"d":"0.00"}},{"$f":"IF(N230=\"znížená\",J230,0)","v":{"v":0,"d":"0.00"}},{"$f":"IF(N230=\"zákl. prenesená\",J230,0)","v":{"v":0,"d":"0.00"}},{"$f":"IF(N230=\"zníž. prenesená\",J230,0)","v":{"v":0,"d":"0.00"}},{"$f":"IF(N230=\"nulová\",J230,0)","v":{"v":0,"d":"0.00"}},"2",{"$f":"ROUND(I230*H230,3)","v":{"v":0,"d":"0.000"}},"16","-2125306047"]
[{"$nulls":3},"D","781","Obklady",{"$nulls":3},{"$f":"BK231","v":{"v":0,"d":"0.000"}},{"$nulls":5},{"$f":"P232","v":{"v":0,"d":"0.00000"}},null,{"$f":"R232","v":0.17595},null,{"$f":"T232","v":{"v":0,"d":"0.00000"}},{"$nulls":23},"2",null,"D","1",{"$nulls":3},"ROZPOCET",{"$nulls":11},{"$f":"BK232","v":{"v":0,"d":"0.000"}}]
[null,null,"75","K","781445018.S","Obklad white 25/50","m2",{"v":51,"d":"51.000"},null,{"$f":"ROUND(I232*H232,3)","v":{"v":0,"d":"0.000"}},null,null,"","znížená",null,{"$f":"O232*H232","v":{"v":0,"d":"0.00000"}},0.00345,{"$f":"Q232*H232","v":0.17595},{"v":0,"d":"0.00000"},{"$f":"S232*H232","v":{"v":0,"d":"0.00000"}},{"$nulls":23},"16",null,"K","2",{"$nulls":3},"ROZPOCET",{"$nulls":5},{"$f":"IF(N232=\"základná\",J232,0)","v":{"v":0,"d":"0.00"}},{"$f":"IF(N232=\"znížená\",J232,0)","v":{"v":0,"d":"0.00"}},{"$f":"IF(N232=\"zákl. prenesená\",J232,0)","v":{"v":0,"d":"0.00"}},{"$f":"IF(N232=\"zníž. prenesená\",J232,0)","v":{"v":0,"d":"0.00"}},{"$f":"IF(N232=\"nulová\",J232,0)","v":{"v":0,"d":"0.00"}},"2",{"$f":"ROUND(I232*H232,3)","v":{"v":0,"d":"0.000"}},"16","140756035"]
[{"$nulls":3},"D","783","Nátery",{"$nulls":3},{"$f":"BK233","v":{"v":0,"d":"0.000"}},{"$nulls":5},{"$f":"SUM(P234:P235)","v":{"v":0,"d":"0.00000"}},null,{"$f":"SUM(R234:R235)","v":{"v":6.9240000000000005E-3,"d":"0.00692"}},null,{"$f":"SUM(T234:T235)","v":{"v":0,"d":"0.00000"}},{"$nulls":23},"2",null,"D","1",{"$nulls":3},"ROZPOCET",{"$nulls":11},{"$f":"SUM(BK234:BK235)","v":{"v":0,"d":"0.000"}}]
[null,null,"76","K","783782404.S","Náterové práce – náter tatranského profilu, atď (3x tenkovrstvá )","m2",{"v":173.2,"d":"173.200"},null,{"$f":"ROUND(I234*H234,3)","v":{"v":0,"d":"0.000"}},null,null,"","znížená",null,{"$f":"O234*H234","v":{"v":0,"d":"0.00000"}},{"v":2e-05,"d":"0.00002"},{"$f":"Q234*H234","v":{"v":0.003464,"d":"0.00346"}},{"v":0,"d":"0.00000"},{"$f":"S234*H234","v":{"v":0,"d":"0.00000"}},{"$nulls":23},"16",null,"K","2",{"$nulls":3},"ROZPOCET",{"$nulls":5},{"$f":"IF(N234=\"základná\",J234,0)","v":{"v":0,"d":"0.00"}},{"$f":"IF(N234=\"znížená\",J234,0)","v":{"v":0,"d":"0.00"}},{"$f":"IF(N234=\"zákl. prenesená\",J234,0)","v":{"v":0,"d":"0.00"}},{"$f":"IF(N234=\"zníž. prenesená\",J234,0)","v":{"v":0,"d":"0.00"}},{"$f":"IF(N234=\"nulová\",J234,0)","v":{"v":0,"d":"0.00"}},"2",{"$f":"ROUND(I234*H234,3)","v":{"v":0,"d":"0.000"}},"16","-799179719"]
[null,null,"77","K","783782405.S","Náterové práce – náter drevenej konštrukcie + lát atď (3x tenkovrstvá - prístrešok","m2",{"v":173,"d":"173.000"},null,{"$f":"ROUND(I235*H235,3)","v":{"v":0,"d":"0.000"}},null,null,"","znížená",null,{"$f":"O235*H235","v":{"v":0,"d":"0.00000"}},{"v":2e-05,"d":"0.00002"},{"$f":"Q235*H235","v":{"v":3.4600000000000004E-3,"d":"0.00346"}},{"v":0,"d":"0.00000"},{"$f":"S235*H235","v":{"v":0,"d":"0.00000"}},{"$nulls":23},"16",null,"K","2",{"$nulls":3},"ROZPOCET",{"$nulls":5},{"$f":"IF(N235=\"základná\",J235,0)","v":{"v":0,"d":"0.00"}},{"$f":"IF(N235=\"znížená\",J235,0)","v":{"v":0,"d":"0.00"}},{"$f":"IF(N235=\"zákl. prenesená\",J235,0)","v":{"v":0,"d":"0.00"}},{"$f":"IF(N235=\"zníž. prenesená\",J235,0)","v":{"v":0,"d":"0.00"}},{"$f":"IF(N235=\"nulová\",J235,0)","v":{"v":0,"d":"0.00"}},"2",{"$f":"ROUND(I235*H235,3)","v":{"v":0,"d":"0.000"}},"16","121022925"]
[{"$nulls":3},"D","784","Maľby",{"$nulls":3},{"$f":"BK236","v":{"v":0,"d":"0.000"}},{"$nulls":5},{"$f":"P237","v":{"v":0,"d":"0.00000"}},null,{"$f":"R237","v":{"v":0.0004,"d":"0.00040"}},null,{"$f":"T237","v":{"v":0,"d":"0.00000"}},{"$nulls":23},"2",null,"D","1",{"$nulls":3},"ROZPOCET",{"$nulls":11},{"$f":"BK237","v":{"v":0,"d":"0.000"}}]
[null,null,"78","K","784422271.S","Maliarske a náterové práce – náter oceľových zárubní, náter podláh, náter stien, a stropov, náter vonkajšej fasády a iné.","kpl",{"v":1,"d":"1.000"},null,{"$f":"ROUND(I237*H237,3)","v":{"v":0,"d":"0.000"}},null,null,"","znížená",null,{"$f":"O237*H237","v":{"v":0,"d":"0.00000"}},{"v":0.0004,"d":"0.00040"},{"$f":"Q237*H237","v":{"v":0.0004,"d":"0.00040"}},{"v":0,"d":"0.00000"},{"$f":"S237*H237","v":{"v":0,"d":"0.00000"}},{"$nulls":23},"16",null,"K","2",{"$nulls":3},"ROZPOCET",{"$nulls":5},{"$f":"IF(N237=\"základná\",J237,0)","v":{"v":0,"d":"0.00"}},{"$f":"IF(N237=\"znížená\",J237,0)","v":{"v":0,"d":"0.00"}},{"$f":"IF(N237=\"zákl. prenesená\",J237,0)","v":{"v":0,"d":"0.00"}},{"$f":"IF(N237=\"zníž. prenesená\",J237,0)","v":{"v":0,"d":"0.00"}},{"$f":"IF(N237=\"nulová\",J237,0)","v":{"v":0,"d":"0.00"}},"2",{"$f":"ROUND(I237*H237,3)","v":{"v":0,"d":"0.000"}},"16","1249078592"]
[{"$nulls":3},"D","M","Práce a dodávky M",{"$nulls":3},{"$f":"BK238","v":{"v":0,"d":"0.000"}},{"$nulls":5},{"$f":"P239","v":{"v":0,"d":"0.00000"}},null,{"$f":"R239","v":{"v":0,"d":"0.00000"}},null,{"$f":"T239","v":{"v":0,"d":"0.00000"}},{"$nulls":23},"3",null,"D","0",{"$nulls":3},"ROZPOCET",{"$nulls":11},{"$f":"BK239","v":{"v":0,"d":"0.000"}}]
[{"$nulls":3},"D","21-M","Elektromontáže",{"$nulls":3},{"$f":"BK239","v":{"v":0,"d":"0.000"}},{"$nulls":5},{"$f":"P240","v":{"v":0,"d":"0.00000"}},null,{"$f":"R240","v":{"v":0,"d":"0.00000"}},null,{"$f":"T240","v":{"v":0,"d":"0.00000"}},{"$nulls":23},"3",null,"D","1",{"$nulls":3},"ROZPOCET",{"$nulls":11},{"$f":"BK240","v":{"v":0,"d":"0.000"}}]
[null,null,"79","K","210220001.S","Dodávka a montáž elektroinštalačného materiálu včetne blezkozvodu,rozvodov až po vypínače ","kpl",{"v":1,"d":"1.000"},null,{"$f":"ROUND(I240*H240,3)","v":{"v":0,"d":"0.000"}},null,null,"","znížená",null,{"$f":"O240*H240","v":{"v":0,"d":"0.00000"}},{"v":0,"d":"0.00000"},{"$f":"Q240*H240","v":{"v":0,"d":"0.00000"}},{"v":0,"d":"0.00000"},{"$f":"S240*H240","v":{"v":0,"d":"0.00000"}},{"$nulls":23},"64",null,"K","2",{"$nulls":3},"ROZPOCET",{"$nulls":5},{"$f":"IF(N240=\"základná\",J240,0)","v":{"v":0,"d":"0.00"}},{"$f":"IF(N240=\"znížená\",J240,0)","v":{"v":0,"d":"0.00"}},{"$f":"IF(N240=\"zákl. prenesená\",J240,0)","v":{"v":0,"d":"0.00"}},{"$f":"IF(N240=\"zníž. prenesená\",J240,0)","v":{"v":0,"d":"0.00"}},{"$f":"IF(N240=\"nulová\",J240,0)","v":{"v":0,"d":"0.00"}},"2",{"$f":"ROUND(I240*H240,3)","v":{"v":0,"d":"0.000"}},"64","-1217042977"]
[{"$nulls":3},"D","VRN","Investičné náklady neobsiahnuté v cenách",{"$nulls":3},{"$f":"BK241","v":{"v":0,"d":"0.000"}},{"$nulls":5},{"$f":"SUM(P242:P245)","v":{"v":0,"d":"0.00000"}},null,{"$f":"SUM(R242:R245)","v":{"v":0,"d":"0.00000"}},null,{"$f":"SUM(T242:T245)","v":{"v":0,"d":"0.00000"}},{"$nulls":23},"5",null,"D","0",{"$nulls":3},"ROZPOCET",{"$nulls":11},{"$f":"SUM(BK242:BK245)","v":{"v":0,"d":"0.000"}}]
[null,null,"80","K","000700011.S","VRN – vnútrostavenisková a mimostavenisková doprava materiálu + lešenia +doprava a vyloženie krytiny s HDS","ks",{"v":1,"d":"1.000"},null,{"$f":"ROUND(I242*H242,3)","v":{"v":0,"d":"0.000"}},null,null,"","znížená",null,{"$f":"O242*H242","v":{"v":0,"d":"0.00000"}},{"v":0,"d":"0.00000"},{"$f":"Q242*H242","v":{"v":0,"d":"0.00000"}},{"v":0,"d":"0.00000"},{"$f":"S242*H242","v":{"v":0,"d":"0.00000"}},{"$nulls":23},"1024",null,"K","1",{"$nulls":3},"ROZPOCET",{"$nulls":5},{"$f":"IF(N242=\"základná\",J242,0)","v":{"v":0,"d":"0.00"}},{"$f":"IF(N242=\"znížená\",J242,0)","v":{"v":0,"d":"0.00"}},{"$f":"IF(N242=\"zákl. prenesená\",J242,0)","v":{"v":0,"d":"0.00"}},{"$f":"IF(N242=\"zníž. prenesená\",J242,0)","v":{"v":0,"d":"0.00"}},{"$f":"IF(N242=\"nulová\",J242,0)","v":{"v":0,"d":"0.00"}},"2",{"$f":"ROUND(I242*H242,3)","v":{"v":0,"d":"0.000"}},"1024","-162367391"]
[null,null,"81","K","000700012.S","Autožeriav LIEBHER 30 t na vyloženie väzníkov na pomúrnicu + vyloženie kamióna ( EX TRANS)","ks",{"v":1,"d":"1.000"},null,{"$f":"ROUND(I243*H243,3)","v":{"v":0,"d":"0.000"}},null,null,"","znížená",null,{"$f":"O243*H243","v":{"v":0,"d":"0.00000"}},{"v":0,"d":"0.00000"},{"$f":"Q243*H243","v":{"v":0,"d":"0.00000"}},{"v":0,"d":"0.00000"},{"$f":"S243*H243","v":{"v":0,"d":"0.00000"}},{"$nulls":23},"1024",null,"K","1",{"$nulls":3},"ROZPOCET",{"$nulls":5},{"$f":"IF(N243=\"základná\",J243,0)","v":{"v":0,"d":"0.00"}},{"$f":"IF(N243=\"znížená\",J243,0)","v":{"v":0,"d":"0.00"}},{"$f":"IF(N243=\"zákl. prenesená\",J243,0)","v":{"v":0,"d":"0.00"}},{"$f":"IF(N243=\"zníž. prenesená\",J243,0)","v":{"v":0,"d":"0.00"}},{"$f":"IF(N243=\"nulová\",J243,0)","v":{"v":0,"d":"0.00"}},"2",{"$f":"ROUND(I243*H243,3)","v":{"v":0,"d":"0.000"}},"1024","-1470064648"]
[null,null,"82","K","000700013.S","VRN – vnútrostavenisková a mimostavenisková doprava materiálu + lešenia - prístrešok","ks",{"v":1,"d":"1.000"},null,{"$f":"ROUND(I244*H244,3)","v":{"v":0,"d":"0.000"}},null,null,"","znížená",null,{"$f":"O244*H244","v":{"v":0,"d":"0.00000"}},{"v":0,"d":"0.00000"},{"$f":"Q244*H244","v":{"v":0,"d":"0.00000"}},{"v":0,"d":"0.00000"},{"$f":"S244*H244","v":{"v":0,"d":"0.00000"}},{"$nulls":23},"1024",null,"K","1",{"$nulls":3},"ROZPOCET",{"$nulls":5},{"$f":"IF(N244=\"základná\",J244,0)","v":{"v":0,"d":"0.00"}},{"$f":"IF(N244=\"znížená\",J244,0)","v":{"v":0,"d":"0.00"}},{"$f":"IF(N244=\"zákl. prenesená\",J244,0)","v":{"v":0,"d":"0.00"}},{"$f":"IF(N244=\"zníž. prenesená\",J244,0)","v":{"v":0,"d":"0.00"}},{"$f":"IF(N244=\"nulová\",J244,0)","v":{"v":0,"d":"0.00"}},"2",{"$f":"ROUND(I244*H244,3)","v":{"v":0,"d":"0.000"}},"1024","1924189412"]
[null,null,"83","K","000700041.S","VRN – vnútrostavenisková a mimostavenisková doprava materiálu","kpl",{"v":1,"d":"1.000"},null,{"$f":"ROUND(I245*H245,3)","v":{"v":0,"d":"0.000"}},null,null,"","znížená",null,{"$f":"O245*H245","v":{"v":0,"d":"0.00000"}},{"v":0,"d":"0.00000"},{"$f":"Q245*H245","v":{"v":0,"d":"0.00000"}},{"v":0,"d":"0.00000"},{"$f":"S245*H245","v":{"v":0,"d":"0.00000"}},{"$nulls":23},"1024",null,"K","1",{"$nulls":3},"ROZPOCET",{"$nulls":5},{"$f":"IF(N245=\"základná\",J245,0)","v":{"v":0,"d":"0.00"}},{"$f":"IF(N245=\"znížená\",J245,0)","v":{"v":0,"d":"0.00"}},{"$f":"IF(N245=\"zákl. prenesená\",J245,0)","v":{"v":0,"d":"0.00"}},{"$f":"IF(N245=\"zníž. prenesená\",J245,0)","v":{"v":0,"d":"0.00"}},{"$f":"IF(N245=\"nulová\",J245,0)","v":{"v":0,"d":"0.00"}},"2",{"$f":"ROUND(I245*H245,3)","v":{"v":0,"d":"0.000"}},"1024","2139118159"]